{"text_format":"3","workbook":"xlsx","n_sheets":1,"sheets":["Страница 1"],"read":"whole","date_system":"1900"}

{"sheet":"Страница 1","index":0,"n_rows":481,"n_cols":69,"rows_kept":481,"merged":[[2,0,2,83],[3,0,4,5],[3,6,4,36],[3,37,4,44],[3,45,4,56],[3,57,4,67],[3,68,4,83],[5,0,5,5],[5,6,5,36],[5,37,5,44],[5,45,5,56],[5,57,5,67],[5,68,5,83],[6,0,6,5],[6,6,6,36],[6,37,6,44],[6,45,6,56],[6,57,6,67],[6,68,6,83],[7,0,7,5],[7,6,7,36],[7,37,7,44],[7,45,7,56],[7,57,7,67],[7,68,7,83],[8,0,8,5],[8,6,8,36],[8,37,8,44],[8,45,8,56],[8,57,8,67],[8,68,8,83],[9,0,9,5],[9,6,9,36],[9,37,9,44],[9,45,9,56],[9,57,9,67],[9,68,9,83],[10,0,10,5],[10,6,10,36],[10,37,10,44],[10,45,10,56],[10,57,10,67],[10,68,10,83],[11,0,11,5],[11,6,11,36],[11,37,11,44],[11,45,11,56],[11,57,11,67],[11,68,11,83],[12,0,12,5],[12,6,12,36],[12,37,12,44],[12,45,12,56],[12,57,12,67],[12,68,12,83],[13,0,13,5],[13,6,13,36],[13,37,13,44],[13,45,13,56],[13,57,13,67],[13,68,13,83],[14,0,14,5],[14,6,14,36],[14,37,14,44],[14,45,14,56],[14,57,14,67],[14,68,14,83],[15,0,15,5],[15,6,15,36],[15,37,15,44],[15,45,15,56],[15,57,15,67],[15,68,15,83],[16,0,16,5],[16,6,16,36],[16,37,16,44],[16,45,16,56],[16,57,16,67],[16,68,16,83],[17,0,17,5],[17,6,17,36],[17,37,17,44],[17,45,17,56],[17,57,17,67],[17,68,17,83],[18,0,18,5],[18,6,18,36],[18,37,18,44],[18,45,18,56],[18,57,18,67],[18,68,18,83],[19,0,19,5],[19,6,19,36],[19,37,19,44],[19,45,19,56],[19,57,19,67],[19,68,19,83],[20,0,20,5],[20,6,20,36],[20,37,20,44],[20,45,20,56],[20,57,20,67],[20,68,20,83],[21,0,21,5],[21,6,21,36],[21,37,21,44],[21,45,21,56],[21,57,21,67],[21,68,21,83],[22,0,22,5],[22,6,22,36],[22,37,22,44],[22,45,22,56],[22,57,22,67],[22,68,22,83],[23,0,23,5],[23,6,23,36],[23,37,23,44],[23,45,23,56],[23,57,23,67],[23,68,23,83],[24,0,24,5],[24,6,24,36],[24,37,24,44],[24,45,24,56],[24,57,24,67],[24,68,24,83],[25,0,25,5],[25,6,25,36],[25,37,25,44],[25,45,25,56],[25,57,25,67],[25,68,25,83],[26,0,26,5],[26,6,26,36],[26,37,26,44],[26,45,26,56],[26,57,26,67],[26,68,26,83],[27,0,27,5],[27,6,27,36],[27,37,27,44],[27,45,27,56],[27,57,27,67],[27,68,27,83],[28,0,28,5],[28,6,28,36],[28,37,28,44],[28,45,28,56],[28,57,28,67],[28,68,28,83],[29,0,29,5],[29,6,29,36],[29,37,29,44],[29,45,29,56],[29,57,29,67],[29,68,29,83],[30,0,30,5],[30,6,30,36],[30,37,30,44],[30,45,30,56],[30,57,30,67],[30,68,30,83],[31,0,31,5],[31,6,31,36],[31,37,31,44],[31,45,31,56],[31,57,31,67],[31,68,31,83],[32,0,32,5],[32,6,32,36],[32,37,32,44],[32,45,32,56],[32,57,32,67],[32,68,32,83],[33,0,33,5],[33,6,33,36],[33,37,33,44],[33,45,33,56],[33,57,33,67],[33,68,33,83],[34,0,34,5],[34,6,34,36],[34,37,34,44],[34,45,34,56],[34,57,34,67],[34,68,34,83],[35,0,35,5],[35,6,35,36],[35,37,35,44],[35,45,35,56],[35,57,35,67],[35,68,35,83],[36,0,36,5],[36,6,36,36],[36,37,36,44],[36,45,36,56],[36,57,36,67],[36,68,36,83],[37,0,37,5],[37,6,37,36],[37,37,37,44],[37,45,37,56],[37,57,37,67],[37,68,37,83],[38,0,38,5],[38,6,38,36],[38,37,38,44],[38,45,38,56],[38,57,38,67],[38,68,38,83],[39,0,39,5],[39,6,39,36],[39,37,39,44],[39,45,39,56],[39,57,39,67],[39,68,39,83],[40,0,40,5],[40,6,40,36],[40,37,40,44],[40,45,40,56],[40,57,40,67],[40,68,40,83],[41,0,41,5],[41,6,41,36],[41,37,41,44],[41,45,41,56],[41,57,41,67],[41,68,41,83],[42,0,42,5],[42,6,42,36],[42,37,42,44],[42,45,42,56],[42,57,42,67],[42,68,42,83],[43,0,43,5],[43,6,43,36],[43,37,43,44],[43,45,43,56],[43,57,43,67],[43,68,43,83],[44,0,44,5],[44,6,44,36],[44,37,44,44],[44,45,44,56],[44,57,44,67],[44,68,44,83],[45,0,45,5],[45,6,45,36],[45,37,45,44],[45,45,45,56],[45,57,45,67],[45,68,45,83],[46,0,46,5],[46,6,46,36],[46,37,46,44],[46,45,46,56],[46,57,46,67],[46,68,46,83],[47,0,47,5],[47,6,47,36],[47,37,47,44],[47,45,47,56],[47,57,47,67],[47,68,47,83],[48,0,48,5],[48,6,48,36],[48,37,48,44],[48,45,48,56],[48,57,48,67],[48,68,48,83],[49,0,49,5],[49,6,49,36],[49,37,49,44],[49,45,49,56],[49,57,49,67],[49,68,49,83],[50,0,50,5],[50,6,50,36],[50,37,50,44],[50,45,50,56],[50,57,50,67],[50,68,50,83],[51,0,51,5],[51,6,51,36],[51,37,51,44],[51,45,51,56],[51,57,51,67],[51,68,51,83],[52,0,52,5],[52,6,52,36],[52,37,52,44],[52,45,52,56],[52,57,52,67],[52,68,52,83],[53,0,53,5],[53,6,53,36],[53,37,53,44],[53,45,53,56],[53,57,53,67],[53,68,53,83],[54,0,54,5],[54,6,54,36],[54,37,54,44],[54,45,54,56],[54,57,54,67],[54,68,54,83],[55,0,55,5],[55,6,55,36],[55,37,55,44],[55,45,55,56],[55,57,55,67],[55,68,55,83],[56,0,56,5],[56,6,56,36],[56,37,56,44],[56,45,56,56],[56,57,56,67],[56,68,56,83],[57,0,57,5],[57,6,57,36],[57,37,57,44],[57,45,57,56],[57,57,57,67],[57,68,57,83],[58,0,58,5],[58,6,58,36],[58,37,58,44],[58,45,58,56],[58,57,58,67],[58,68,58,83],[59,0,59,5],[59,6,59,36],[59,37,59,44],[59,45,59,56],[59,57,59,67],[59,68,59,83],[60,0,60,5],[60,6,60,36],[60,37,60,44],[60,45,60,56],[60,57,60,67],[60,68,60,83],[61,0,61,5],[61,6,61,36],[61,37,61,44],[61,45,61,56],[61,57,61,67],[61,68,61,83],[62,0,62,5],[62,6,62,36],[62,37,62,44],[62,45,62,56],[62,57,62,67],[62,68,62,83],[63,0,63,5],[63,6,63,36],[63,37,63,44],[63,45,63,56],[63,57,63,67],[63,68,63,83],[64,0,64,5],[64,6,64,36],[64,37,64,44],[64,45,64,56],[64,57,64,67],[64,68,64,83],[65,0,65,5],[65,6,65,36],[65,37,65,44],[65,45,65,56],[65,57,65,67],[65,68,65,83],[66,0,66,5],[66,6,66,36],[66,37,66,44],[66,45,66,56],[66,57,66,67],[66,68,66,83],[67,0,67,5],[67,6,67,36],[67,37,67,44],[67,45,67,56],[67,57,67,67],[67,68,67,83],[68,0,68,5],[68,6,68,36],[68,37,68,44],[68,45,68,56],[68,57,68,67],[68,68,68,83],[69,0,69,5],[69,6,69,36],[69,37,69,44],[69,45,69,56],[69,57,69,67],[69,68,69,83],[70,0,70,5],[70,6,70,36],[70,37,70,44],[70,45,70,56],[70,57,70,67],[70,68,70,83],[71,0,71,5],[71,6,71,36],[71,37,71,44],[71,45,71,56],[71,57,71,67],[71,68,71,83],[72,0,72,5],[72,6,72,36],[72,37,72,44],[72,45,72,56],[72,57,72,67],[72,68,72,83],[73,0,73,5],[73,6,73,36],[73,37,73,44],[73,45,73,56],[73,57,73,67],[73,68,73,83],[74,0,74,5],[74,6,74,36],[74,37,74,44],[74,45,74,56],[74,57,74,67],[74,68,74,83],[75,0,75,5],[75,6,75,36],[75,37,75,44],[75,45,75,56],[75,57,75,67],[75,68,75,83],[76,0,76,5],[76,6,76,36],[76,37,76,44],[76,45,76,56],[76,57,76,67],[76,68,76,83],[77,0,77,5],[77,6,77,36],[77,37,77,44],[77,45,77,56],[77,57,77,67],[77,68,77,83],[78,0,78,5],[78,6,78,36],[78,37,78,44],[78,45,78,56],[78,57,78,67],[78,68,78,83],[79,0,79,5],[79,6,79,36],[79,37,79,44],[79,45,79,56],[79,57,79,67],[79,68,79,83],[80,0,80,5],[80,6,80,36],[80,37,80,44],[80,45,80,56],[80,57,80,67],[80,68,80,83],[81,0,81,5],[81,6,81,36],[81,37,81,44],[81,45,81,56],[81,57,81,67],[81,68,81,83],[82,0,82,5],[82,6,82,36],[82,37,82,44],[82,45,82,56],[82,57,82,67],[82,68,82,83],[83,0,83,5],[83,6,83,36],[83,37,83,44],[83,45,83,56],[83,57,83,67],[83,68,83,83],[84,0,84,5],[84,6,84,36],[84,37,84,44],[84,45,84,56],[84,57,84,67],[84,68,84,83],[85,0,85,5],[85,6,85,36],[85,37,85,44],[85,45,85,56],[85,57,85,67],[85,68,85,83],[86,0,86,5],[86,6,86,36],[86,37,86,44],[86,45,86,56],[86,57,86,67],[86,68,86,83],[87,0,87,5],[87,6,87,36],[87,37,87,44],[87,45,87,56],[87,57,87,67],[87,68,87,83],[88,0,88,5],[88,6,88,36],[88,37,88,44],[88,45,88,56],[88,57,88,67],[88,68,88,83],[89,0,89,5],[89,6,89,36],[89,37,89,44],[89,45,89,56],[89,57,89,67],[89,68,89,83],[90,0,90,5],[90,6,90,36],[90,37,90,44],[90,45,90,56],[90,57,90,67],[90,68,90,83],[91,0,91,5],[91,6,91,36],[91,37,91,44],[91,45,91,56],[91,57,91,67],[91,68,91,83],[92,0,92,5],[92,6,92,36],[92,37,92,44],[92,45,92,56],[92,57,92,67],[92,68,92,83],[93,0,93,5],[93,6,93,36],[93,37,93,44],[93,45,93,56],[93,57,93,67],[93,68,93,83],[94,0,94,5],[94,6,94,36],[94,37,94,44],[94,45,94,56],[94,57,94,67],[94,68,94,83],[95,0,95,5],[95,6,95,36],[95,37,95,44],[95,45,95,56],[95,57,95,67],[95,68,95,83],[96,0,96,5],[96,6,96,36],[96,37,96,44],[96,45,96,56],[96,57,96,67],[96,68,96,83],[97,0,97,5],[97,6,97,36],[97,37,97,44],[97,45,97,56],[97,57,97,67],[97,68,97,83],[98,0,98,5],[98,6,98,36],[98,37,98,44],[98,45,98,56],[98,57,98,67],[98,68,98,83],[99,0,99,5],[99,6,99,36],[99,37,99,44],[99,45,99,56],[99,57,99,67],[99,68,99,83],[100,0,100,5],[100,6,100,36],[100,37,100,44],[100,45,100,56],[100,57,100,67],[100,68,100,83],[101,0,101,5],[101,6,101,36],[101,37,101,44],[101,45,101,56],[101,57,101,67],[101,68,101,83],[102,0,102,5],[102,6,102,36],[102,37,102,44],[102,45,102,56],[102,57,102,67],[102,68,102,83],[103,0,103,5],[103,6,103,36],[103,37,103,44],[103,45,103,56],[103,57,103,67],[103,68,103,83],[104,0,104,5],[104,6,104,36],[104,37,104,44],[104,45,104,56],[104,57,104,67],[104,68,104,83],[105,0,105,5],[105,6,105,36],[105,37,105,44],[105,45,105,56],[105,57,105,67],[105,68,105,83],[106,0,106,5],[106,6,106,36],[106,37,106,44],[106,45,106,56],[106,57,106,67],[106,68,106,83],[107,0,107,5],[107,6,107,36],[107,37,107,44],[107,45,107,56],[107,57,107,67],[107,68,107,83],[108,0,108,5],[108,6,108,36],[108,37,108,44],[108,45,108,56],[108,57,108,67],[108,68,108,83],[109,0,109,5],[109,6,109,36],[109,37,109,44],[109,45,109,56],[109,57,109,67],[109,68,109,83],[110,0,110,5],[110,6,110,36],[110,37,110,44],[110,45,110,56],[110,57,110,67],[110,68,110,83],[111,0,111,5],[111,6,111,36],[111,37,111,44],[111,45,111,56],[111,57,111,67],[111,68,111,83],[112,0,112,5],[112,6,112,36],[112,37,112,44],[112,45,112,56],[112,57,112,67],[112,68,112,83],[113,0,113,5],[113,6,113,36],[113,37,113,44],[113,45,113,56],[113,57,113,67],[113,68,113,83],[114,0,114,5],[114,6,114,36],[114,37,114,44],[114,45,114,56],[114,57,114,67],[114,68,114,83],[115,0,115,5],[115,6,115,36],[115,37,115,44],[115,45,115,56],[115,57,115,67],[115,68,115,83],[116,0,116,5],[116,6,116,36],[116,37,116,44],[116,45,116,56],[116,57,116,67],[116,68,116,83],[117,0,117,5],[117,6,117,36],[117,37,117,44],[117,45,117,56],[117,57,117,67],[117,68,117,83],[118,0,118,5],[118,6,118,36],[118,37,118,44],[118,45,118,56],[118,57,118,67],[118,68,118,83],[119,0,119,5],[119,6,119,36],[119,37,119,44],[119,45,119,56],[119,57,119,67],[119,68,119,83],[120,0,120,5],[120,6,120,36],[120,37,120,44],[120,45,120,56],[120,57,120,67],[120,68,120,83],[121,0,121,5],[121,6,121,36],[121,37,121,44],[121,45,121,56],[121,57,121,67],[121,68,121,83],[122,0,122,5],[122,6,122,36],[122,37,122,44],[122,45,122,56],[122,57,122,67],[122,68,122,83],[123,0,123,5],[123,6,123,36],[123,37,123,44],[123,45,123,56],[123,57,123,67],[123,68,123,83],[124,0,124,5],[124,6,124,36],[124,37,124,44],[124,45,124,56],[124,57,124,67],[124,68,124,83],[125,0,125,5],[125,6,125,36],[125,37,125,44],[125,45,125,56],[125,57,125,67],[125,68,125,83],[126,0,126,5],[126,6,126,36],[126,37,126,44],[126,45,126,56],[126,57,126,67],[126,68,126,83],[127,0,127,5],[127,6,127,36],[127,37,127,44],[127,45,127,56],[127,57,127,67],[127,68,127,83],[128,0,128,5],[128,6,128,36],[128,37,128,44],[128,45,128,56],[128,57,128,67],[128,68,128,83],[129,0,129,5],[129,6,129,36],[129,37,129,44],[129,45,129,56],[129,57,129,67],[129,68,129,83],[130,0,130,5],[130,6,130,36],[130,37,130,44],[130,45,130,56],[130,57,130,67],[130,68,130,83],[131,0,131,5],[131,6,131,36],[131,37,131,44],[131,45,131,56],[131,57,131,67],[131,68,131,83],[132,0,132,5],[132,6,132,36],[132,37,132,44],[132,45,132,56],[132,57,132,67],[132,68,132,83],[133,0,133,5],[133,6,133,36],[133,37,133,44],[133,45,133,56],[133,57,133,67],[133,68,133,83],[134,0,134,5],[134,6,134,36],[134,37,134,44],[134,45,134,56],[134,57,134,67],[134,68,134,83],[135,0,135,5],[135,6,135,36],[135,37,135,44],[135,45,135,56],[135,57,135,67],[135,68,135,83],[136,0,136,5],[136,6,136,36],[136,37,136,44],[136,45,136,56],[136,57,136,67],[136,68,136,83],[137,0,137,5],[137,6,137,36],[137,37,137,44],[137,45,137,56],[137,57,137,67],[137,68,137,83],[138,0,138,5],[138,6,138,36],[138,37,138,44],[138,45,138,56],[138,57,138,67],[138,68,138,83],[139,0,139,5],[139,6,139,36],[139,37,139,44],[139,45,139,56],[139,57,139,67],[139,68,139,83],[140,0,140,5],[140,6,140,36],[140,37,140,44],[140,45,140,56],[140,57,140,67],[140,68,140,83],[141,0,141,5],[141,6,141,36],[141,37,141,44],[141,45,141,56],[141,57,141,67],[141,68,141,83],[142,0,142,5],[142,6,142,36],[142,37,142,44],[142,45,142,56],[142,57,142,67],[142,68,142,83],[143,0,143,5],[143,6,143,36],[143,37,143,44],[143,45,143,56],[143,57,143,67],[143,68,143,83],[144,0,144,5],[144,6,144,36],[144,37,144,44],[144,45,144,56],[144,57,144,67],[144,68,144,83],[145,0,145,5],[145,6,145,36],[145,37,145,44],[145,45,145,56],[145,57,145,67],[145,68,145,83],[146,0,146,5],[146,6,146,36],[146,37,146,44],[146,45,146,56],[146,57,146,67],[146,68,146,83],[147,0,147,5],[147,6,147,36],[147,37,147,44],[147,45,147,56],[147,57,147,67],[147,68,147,83],[148,0,148,5],[148,6,148,36],[148,37,148,44],[148,45,148,56],[148,57,148,67],[148,68,148,83],[149,0,149,5],[149,6,149,36],[149,37,149,44],[149,45,149,56],[149,57,149,67],[149,68,149,83],[150,0,150,5],[150,6,150,36],[150,37,150,44],[150,45,150,56],[150,57,150,67],[150,68,150,83],[151,0,151,5],[151,6,151,36],[151,37,151,44],[151,45,151,56],[151,57,151,67],[151,68,151,83],[152,0,152,5],[152,6,152,36],[152,37,152,44],[152,45,152,56],[152,57,152,67],[152,68,152,83],[153,0,153,5],[153,6,153,36],[153,37,153,44],[153,45,153,56],[153,57,153,67],[153,68,153,83],[154,0,154,5],[154,6,154,36],[154,37,154,44],[154,45,154,56],[154,57,154,67],[154,68,154,83],[155,0,155,5],[155,6,155,36],[155,37,155,44],[155,45,155,56],[155,57,155,67],[155,68,155,83],[156,0,156,5],[156,6,156,36],[156,37,156,44],[156,45,156,56],[156,57,156,67],[156,68,156,83],[157,0,157,5],[157,6,157,36],[157,37,157,44],[157,45,157,56],[157,57,157,67],[157,68,157,83],[158,0,158,5],[158,6,158,36],[158,37,158,44],[158,45,158,56],[158,57,158,67],[158,68,158,83],[159,0,159,5],[159,6,159,36],[159,37,159,44],[159,45,159,56],[159,57,159,67],[159,68,159,83],[160,0,160,5],[160,6,160,36],[160,37,160,44],[160,45,160,56],[160,57,160,67],[160,68,160,83],[161,0,161,5],[161,6,161,36],[161,37,161,44],[161,45,161,56],[161,57,161,67],[161,68,161,83],[162,0,162,5],[162,6,162,36],[162,37,162,44],[162,45,162,56],[162,57,162,67],[162,68,162,83],[163,0,163,5],[163,6,163,36],[163,37,163,44],[163,45,163,56],[163,57,163,67],[163,68,163,83],[164,0,164,5],[164,6,164,36],[164,37,164,44],[164,45,164,56],[164,57,164,67],[164,68,164,83],[165,0,165,5],[165,6,165,36],[165,37,165,44],[165,45,165,56],[165,57,165,67],[165,68,165,83],[166,0,166,5],[166,6,166,36],[166,37,166,44],[166,45,166,56],[166,57,166,67],[166,68,166,83],[167,0,167,5],[167,6,167,36],[167,37,167,44],[167,45,167,56],[167,57,167,67],[167,68,167,83],[168,0,168,5],[168,6,168,36],[168,37,168,44],[168,45,168,56],[168,57,168,67],[168,68,168,83],[169,0,169,5],[169,6,169,36],[169,37,169,44],[169,45,169,56],[169,57,169,67],[169,68,169,83],[170,0,170,5],[170,6,170,36],[170,37,170,44]],"merged_total":2863,"flags":["merged_cut"]}
[{"$nulls":6},"Информация о материально-техническом обеспечении образовательной деятельности"]
["МБДОУ \"Детский сад №85 комбинированного вида\" Ново-Савиновского района г. Казани"]
[]
[{"$nulls":6},"Наименование ТМЦ",{"$nulls":30},"Ед. изм",{"$nulls":7},"Цена за ед",{"$nulls":11},"Количество",{"$nulls":10},"сумма, руб"]
[]
[1,{"$nulls":5},2,{"$nulls":30},5,{"$nulls":7},6,{"$nulls":11},9,{"$nulls":10},10]
[1,{"$nulls":5},"APS Поднос прямоуг.без ручек 50*38см",{"$nulls":30},"Штука",{"$nulls":7},{"v":882.37,"d":"882.37р."},{"$nulls":11},{"v":45,"d":"45.0000"},{"$nulls":10},{"v":39706.65,"d":"39,706.650"}]
[2,{"$nulls":5},"Ippon AVR-1000 VA ИБП стабилизатор",{"$nulls":30},"Штука",{"$nulls":7},{"v":1599.99,"d":"1,599.99р."},{"$nulls":11},{"v":8,"d":"8.0000"},{"$nulls":10},{"v":12799.92,"d":"12,799.920"}]
[3,{"$nulls":5},"(L) Брюки поварские,655 полиэстер,35% хлопок,сине-белая клетка",{"$nulls":30},"Штука",{"$nulls":7},{"v":1052.76,"d":"1,052.76р."},{"$nulls":11},{"v":15,"d":"15.0000"},{"$nulls":10},{"v":15791.4,"d":"15,791.400"}]
[4,{"$nulls":5},"Philips DVP 3862K DVD плеер",{"$nulls":30},"Штука",{"$nulls":7},{"v":2099.98,"d":"2,099.98р."},{"$nulls":11},{"v":1,"d":"1.0000"},{"$nulls":10},{"v":2099.98,"d":"2,099.980"}]
[5,{"$nulls":5},"Polaris PIR 2258AK утюг",{"$nulls":30},"Штука",{"$nulls":7},{"v":1299.95,"d":"1,299.95р."},{"$nulls":11},{"v":1,"d":"1.0000"},{"$nulls":10},{"v":1299.95,"d":"1,299.950"}]
[6,{"$nulls":5},"Polaris PWK 1720CAL чайник",{"$nulls":30},"Штука",{"$nulls":7},{"v":1499.95,"d":"1,499.95р."},{"$nulls":11},{"v":4,"d":"4.0000"},{"$nulls":10},{"v":5999.8,"d":"5,999.800"}]
[7,{"$nulls":5},"Supra SF-6-ESC-USB-1/8blk фильтр сетевой",{"$nulls":30},"Штука",{"$nulls":7},{"v":599.99,"d":"599.99р."},{"$nulls":11},{"v":8,"d":"8.0000"},{"$nulls":10},{"v":4799.92,"d":"4,799.920"}]
[8,{"$nulls":5},"(S)Куртка поварская,длинный рукав,100% хлопок,белая",{"$nulls":30},"Штука",{"$nulls":7},{"v":898.75,"d":"898.75р."},{"$nulls":11},{"v":15,"d":"15.0000"},{"$nulls":10},{"v":13481.25,"d":"13,481.250"}]
[9,{"$nulls":5},"Автомобиль ДЖИП",{"$nulls":30},"Штука",{"$nulls":7},{"v":962.04,"d":"962.04р."},{"$nulls":11},{"v":22,"d":"22.0000"},{"$nulls":10},{"v":21164.88,"d":"21,164.880"}]
[10,{"$nulls":5},"Аппаратно-пргр. к-кс для интерактивной обработки электронного материала демонстрации и изучения мелких объектов Интерак. доска Hitachi StarBoard-1шт,документ камера Mimio View-1шт (компл)",{"$nulls":30},"Комплект",{"$nulls":7},{"v":41678.43,"d":"41,678.43р."},{"$nulls":11},{"v":4,"d":"4.0000"},{"$nulls":10},{"v":166713.72,"d":"166,713.720"}]
[11,{"$nulls":5},"Аппарат Ротта (осв.таб.в компл.с таблицами)",{"$nulls":30},"Штука",{"$nulls":7},{"v":2310,"d":"2,310.00р."},{"$nulls":11},{"v":1,"d":"1.0000"},{"$nulls":10},{"v":2310,"d":"2,310.000"}]
[12,{"$nulls":5},"Аптечка первой помощи (автомобильная)",{"$nulls":30},"Штука",{"$nulls":7},{"v":300,"d":"300.00р."},{"$nulls":11},{"v":4,"d":"4.0000"},{"$nulls":10},{"v":1200,"d":"1,200.000"}]
[13,{"$nulls":5},"Аптечка первой помощи (коллективная \"ФЭСТ\" для отдельного рабочего места №1 \"ФЭСТ\")",{"$nulls":30},"Штука",{"$nulls":7},{"v":489,"d":"489.00р."},{"$nulls":11},{"v":13,"d":"13.0000"},{"$nulls":10},{"v":6357,"d":"6,357.000"}]
[14,{"$nulls":5},"Банкетка 5-местная жесткая 1764*254*200",{"$nulls":30},"Штука",{"$nulls":7},{"v":990,"d":"990.00р."},{"$nulls":11},{"v":44,"d":"44.0000"},{"$nulls":10},{"v":43560,"d":"43,560.000"}]
[15,{"$nulls":5},"Банкетка 900*500*500",{"$nulls":30},"Штука",{"$nulls":7},{"v":1600,"d":"1,600.00р."},{"$nulls":11},{"v":2,"d":"2.0000"},{"$nulls":10},{"v":3200,"d":"3,200.000"}]
[16,{"$nulls":5},"Банкетка для пианино БП 5",{"$nulls":30},"Штука",{"$nulls":7},{"v":1725,"d":"1,725.00р."},{"$nulls":11},{"v":1,"d":"1.0000"},{"$nulls":10},{"v":1725,"d":"1,725.000"}]
[17,{"$nulls":5},"Барабан Д213",{"$nulls":30},"Штука",{"$nulls":7},{"v":150,"d":"150.00р."},{"$nulls":11},{"v":10,"d":"10.0000"},{"$nulls":10},{"v":1500,"d":"1,500.000"}]
[18,{"$nulls":5},"Барабан дерево",{"$nulls":30},"Штука",{"$nulls":7},{"v":474.86,"d":"474.86р."},{"$nulls":11},{"v":10,"d":"10.0000"},{"$nulls":10},{"v":4748.6,"d":"4,748.600"}]
[19,{"$nulls":5},"Безопасность. Рабочая тетрадь для детей №1,2,3,4",{"$nulls":30},"Штука",{"$nulls":7},{"v":230,"d":"230.00р."},{"$nulls":11},{"v":4,"d":"4.0000"},{"$nulls":10},{"v":920,"d":"920.000"}]
[20,{"$nulls":5},"Белизна 1л",{"$nulls":30},"Штука",{"$nulls":7},{"v":29.2,"d":"29.20р."},{"$nulls":11},{"v":50,"d":"50.0000"},{"$nulls":10},{"v":1460,"d":"1,460.000"}]
[21,{"$nulls":5},"Бинт нестерильный индив.упак.7*14 \"Навтекс\" ГОСТ",{"$nulls":30},"Штука",{"$nulls":7},{"v":13,"d":"13.00р."},{"$nulls":11},{"v":30,"d":"30.0000"},{"$nulls":10},{"v":390,"d":"390.000"}]
[22,{"$nulls":5},"Блюдо овальное 25см, A la Carte(4689)",{"$nulls":30},"Штука",{"$nulls":7},{"v":163.37,"d":"163.37р."},{"$nulls":11},{"v":20,"d":"20.0000"},{"$nulls":10},{"v":3267.4,"d":"3,267.400"}]
[23,{"$nulls":5},"Бубен Д212",{"$nulls":30},"Штука",{"$nulls":7},{"v":370,"d":"370.00р."},{"$nulls":11},{"v":15,"d":"15.0000"},{"$nulls":10},{"v":5550,"d":"5,550.000"}]
[24,{"$nulls":5},"Бубен фигурный Д220",{"$nulls":30},"Штука",{"$nulls":7},{"v":300,"d":"300.00р."},{"$nulls":11},{"v":15,"d":"15.0000"},{"$nulls":10},{"v":4500,"d":"4,500.000"}]
[25,{"$nulls":5},"Валик (цилиндр) гимнастический 120*40см",{"$nulls":30},"Штука",{"$nulls":7},{"v":840,"d":"840.00р."},{"$nulls":11},{"v":11,"d":"11.0000"},{"$nulls":10},{"v":9240,"d":"9,240.000"}]
[26,{"$nulls":5},"Вантуз п/э",{"$nulls":30},"Штука",{"$nulls":7},{"v":46,"d":"46.00р."},{"$nulls":11},{"v":20,"d":"20.0000"},{"$nulls":10},{"v":920,"d":"920.000"}]
[27,{"$nulls":5},"Вата хирур.мед.нестерил.250гр",{"$nulls":30},"Штука",{"$nulls":7},{"v":36,"d":"36.00р."},{"$nulls":11},{"v":4,"d":"4.0000"},{"$nulls":10},{"v":144,"d":"144.000"}]
[28,{"$nulls":5},"Ведро 5л пласт",{"$nulls":30},"Штука",{"$nulls":7},{"v":78.8,"d":"78.80р."},{"$nulls":11},{"v":40,"d":"40.0000"},{"$nulls":10},{"v":3152,"d":"3,152.000"}]
[29,{"$nulls":5},"Ведро 7л пласт",{"$nulls":30},"Штука",{"$nulls":7},{"v":101.5,"d":"101.50р."},{"$nulls":11},{"v":36,"d":"36.0000"},{"$nulls":10},{"v":3654,"d":"3,654.000"}]
[30,{"$nulls":5},"ведро пластмассовое (13л)",{"$nulls":30},"Штука",{"$nulls":7},{"v":57.7,"d":"57.70р."},{"$nulls":11},{"v":40,"d":"40.0000"},{"$nulls":10},{"v":2308,"d":"2,308.000"}]
[31,{"$nulls":5},"Ведро с педальным устройством 10-12л",{"$nulls":30},"Штука",{"$nulls":7},{"v":393,"d":"393.00р."},{"$nulls":11},{"v":20,"d":"20.0000"},{"$nulls":10},{"v":7860,"d":"7,860.000"}]
[32,{"$nulls":5},"Ведро эмалерованное",{"$nulls":30},"Штука",{"$nulls":7},{"v":390,"d":"390.00р."},{"$nulls":11},{"v":20,"d":"20.0000"},{"$nulls":10},{"v":7800,"d":"7,800.000"}]
[33,{"$nulls":5},"Ведро эмалерованное с крышкой",{"$nulls":30},"Штука",{"$nulls":7},{"v":500,"d":"500.00р."},{"$nulls":11},{"v":20,"d":"20.0000"},{"$nulls":10},{"v":10000,"d":"10,000.000"}]
[34,{"$nulls":5},"Веера букв.Пластиковая раскладка",{"$nulls":30},"Штука",{"$nulls":7},{"v":100,"d":"100.00р."},{"$nulls":11},{"v":12,"d":"12.0000"},{"$nulls":10},{"v":1200,"d":"1,200.000"}]
[35,{"$nulls":5},"Веник Сорго",{"$nulls":30},"Штука",{"$nulls":7},{"v":86.5,"d":"86.50р."},{"$nulls":11},{"v":40,"d":"40.0000"},{"$nulls":10},{"v":3460,"d":"3,460.000"}]
[36,{"$nulls":5},"Вешалка для полотенец навесная 5-и секционная 696*105*784",{"$nulls":30},"Штука",{"$nulls":7},{"v":1650,"d":"1,650.00р."},{"$nulls":11},{"v":44,"d":"44.0000"},{"$nulls":10},{"v":72600,"d":"72,600.000"}]
[37,{"$nulls":5},"Вешалка для полотенец настенная 696*105*784",{"$nulls":30},"Штука",{"$nulls":7},{"v":1650,"d":"1,650.00р."},{"$nulls":11},{"v":1,"d":"1.0000"},{"$nulls":10},{"v":1650,"d":"1,650.000"}]
[38,{"$nulls":5},"Вешалка напольные",{"$nulls":30},"Штука",{"$nulls":7},{"v":1120,"d":"1,120.00р."},{"$nulls":11},{"v":20,"d":"20.0000"},{"$nulls":10},{"v":22400,"d":"22,400.000"}]
[39,{"$nulls":5},"Вилка поварская 40см,луженая",{"$nulls":30},"Штука",{"$nulls":7},{"v":307.54,"d":"307.54р."},{"$nulls":11},{"v":40,"d":"40.0000"},{"$nulls":10},{"v":12301.6,"d":"12,301.600"}]
[40,{"$nulls":5},"Вилка столовая \"Bistro\" (832 GA)",{"$nulls":30},"Штука",{"$nulls":7},{"v":18.26,"d":"18.26р."},{"$nulls":11},{"v":456,"d":"456.0000"},{"$nulls":10},{"v":8326.56,"d":"8,326.560"}]
[41,{"$nulls":5},"В мире слов",{"$nulls":30},"Штука",{"$nulls":7},{"v":93.42,"d":"93.42р."},{"$nulls":11},{"v":5,"d":"5.0000"},{"$nulls":10},{"v":467.1,"d":"467.100"}]
[42,{"$nulls":5},"Времена года. Пособие З.Е.",{"$nulls":30},"Штука",{"$nulls":7},{"v":120,"d":"120.00р."},{"$nulls":11},{"v":11,"d":"11.0000"},{"$nulls":10},{"v":1320,"d":"1,320.000"}]
[43,{"$nulls":5},"Гантели детские 0,5 кг насыпные",{"$nulls":30},"Штука",{"$nulls":7},{"v":100,"d":"100.00р."},{"$nulls":11},{"v":40,"d":"40.0000"},{"$nulls":10},{"v":4000,"d":"4,000.000"}]
[44,{"$nulls":5},"Гантели детские 1 кг насыпные",{"$nulls":30},"Штука",{"$nulls":7},{"v":150,"d":"150.00р."},{"$nulls":11},{"v":24,"d":"24.0000"},{"$nulls":10},{"v":3600,"d":"3,600.000"}]
[45,{"$nulls":5},"Гармошка детская М1071",{"$nulls":30},"Штука",{"$nulls":7},{"v":1150,"d":"1,150.00р."},{"$nulls":11},{"v":10,"d":"10.0000"},{"$nulls":10},{"v":11500,"d":"11,500.000"}]
[46,{"$nulls":5},"Гастроемкость 1/1 530*325*20мм не ржав.Сталь",{"$nulls":30},"Штука",{"$nulls":7},{"v":434.4,"d":"434.40р."},{"$nulls":11},{"v":20,"d":"20.0000"},{"$nulls":10},{"v":8688,"d":"8,688.000"}]
[47,{"$nulls":5},"Гастроемкость 1/1 530*325*65мм не ржав.Сталь",{"$nulls":30},"Штука",{"$nulls":7},{"v":616.02,"d":"616.02р."},{"$nulls":11},{"v":20,"d":"20.0000"},{"$nulls":10},{"v":12320.4,"d":"12,320.400"}]
[48,{"$nulls":5},"Гитара Д221",{"$nulls":30},"Штука",{"$nulls":7},{"v":1495,"d":"1,495.00р."},{"$nulls":11},{"v":4,"d":"4.0000"},{"$nulls":10},{"v":5980,"d":"5,980.000"}]
[49,{"$nulls":5},"Головоломка Архимеда",{"$nulls":30},"Штука",{"$nulls":7},{"v":80,"d":"80.00р."},{"$nulls":11},{"v":10,"d":"10.0000"},{"$nulls":10},{"v":800,"d":"800.000"}]
[50,{"$nulls":5},"Головоломка Волшебный квадрат",{"$nulls":30},"Штука",{"$nulls":7},{"v":80,"d":"80.00р."},{"$nulls":11},{"v":11,"d":"11.0000"},{"$nulls":10},{"v":880,"d":"880.000"}]
[51,{"$nulls":5},"Головоломка Волшебный круг",{"$nulls":30},"Штука",{"$nulls":7},{"v":80,"d":"80.00р."},{"$nulls":11},{"v":11,"d":"11.0000"},{"$nulls":10},{"v":880,"d":"880.000"}]
[52,{"$nulls":5},"Головоломка Вьетнамская игра",{"$nulls":30},"Штука",{"$nulls":7},{"v":80,"d":"80.00р."},{"$nulls":11},{"v":11,"d":"11.0000"},{"$nulls":10},{"v":880,"d":"880.000"}]
[53,{"$nulls":5},"Головоломка Гексамино",{"$nulls":30},"Штука",{"$nulls":7},{"v":80,"d":"80.00р."},{"$nulls":11},{"v":11,"d":"11.0000"},{"$nulls":10},{"v":880,"d":"880.000"}]
[54,{"$nulls":5},"Головоломка Город мастеров",{"$nulls":30},"Штука",{"$nulls":7},{"v":130,"d":"130.00р."},{"$nulls":11},{"v":11,"d":"11.0000"},{"$nulls":10},{"v":1430,"d":"1,430.000"}]
[55,{"$nulls":5},"Головоломка Джунгли",{"$nulls":30},"Штука",{"$nulls":7},{"v":110,"d":"110.00р."},{"$nulls":11},{"v":11,"d":"11.0000"},{"$nulls":10},{"v":1210,"d":"1,210.000"}]
[56,{"$nulls":5},"Головоломка Колумбово яйцо",{"$nulls":30},"Штука",{"$nulls":7},{"v":80,"d":"80.00р."},{"$nulls":11},{"v":11,"d":"11.0000"},{"$nulls":10},{"v":880,"d":"880.000"}]
[57,{"$nulls":5},"Головоломка Летчик",{"$nulls":30},"Штука",{"$nulls":7},{"v":80,"d":"80.00р."},{"$nulls":11},{"v":11,"d":"11.0000"},{"$nulls":10},{"v":880,"d":"880.000"}]
[58,{"$nulls":5},"Головоломка Листик",{"$nulls":30},"Штука",{"$nulls":7},{"v":80,"d":"80.00р."},{"$nulls":11},{"v":11,"d":"11.0000"},{"$nulls":10},{"v":880,"d":"880.000"}]
[59,{"$nulls":5},"Головоломка Монголькая игра",{"$nulls":30},"Штука",{"$nulls":7},{"v":80,"d":"80.00р."},{"$nulls":11},{"v":11,"d":"11.0000"},{"$nulls":10},{"v":880,"d":"880.000"}]
[60,{"$nulls":5},"Головоломка Пентамино",{"$nulls":30},"Штука",{"$nulls":7},{"v":80,"d":"80.00р."},{"$nulls":11},{"v":11,"d":"11.0000"},{"$nulls":10},{"v":880,"d":"880.000"}]
[61,{"$nulls":5},"Головоломка Пифагора",{"$nulls":30},"Штука",{"$nulls":7},{"v":110,"d":"110.00р."},{"$nulls":11},{"v":11,"d":"11.0000"},{"$nulls":10},{"v":1210,"d":"1,210.000"}]
[62,{"$nulls":5},"Головоломка Сфинкс",{"$nulls":30},"Штука",{"$nulls":7},{"v":80,"d":"80.00р."},{"$nulls":11},{"v":11,"d":"11.0000"},{"$nulls":10},{"v":880,"d":"880.000"}]
[63,{"$nulls":5},"Головоломка Танграм",{"$nulls":30},"Штука",{"$nulls":7},{"v":80,"d":"80.00р."},{"$nulls":11},{"v":11,"d":"11.0000"},{"$nulls":10},{"v":880,"d":"880.000"}]
[64,{"$nulls":5},"Головоломка Т-образная",{"$nulls":30},"Штука",{"$nulls":7},{"v":80,"d":"80.00р."},{"$nulls":11},{"v":11,"d":"11.0000"},{"$nulls":10},{"v":880,"d":"880.000"}]
[65,{"$nulls":5},"Горшки детские",{"$nulls":30},"Штука",{"$nulls":7},{"v":84,"d":"84.00р."},{"$nulls":11},{"v":120,"d":"120.0000"},{"$nulls":10},{"v":10080,"d":"10,080.000"}]
[66,{"$nulls":5},"Грелка А-1 на 1л (резина)",{"$nulls":30},"Штука",{"$nulls":7},{"v":135,"d":"135.00р."},{"$nulls":11},{"v":1,"d":"1.0000"},{"$nulls":10},{"v":135,"d":"135.000"}]
[67,{"$nulls":5},"Грузовые автомобили",{"$nulls":30},"Штука",{"$nulls":7},{"v":250,"d":"250.00р."},{"$nulls":11},{"v":44,"d":"44.0000"},{"$nulls":10},{"v":11000,"d":"11,000.000"}]
[68,{"$nulls":5},"Держатель туалетной бумаги",{"$nulls":30},"Штука",{"$nulls":7},{"v":103.5,"d":"103.50р."},{"$nulls":11},{"v":40,"d":"40.0000"},{"$nulls":10},{"v":4140,"d":"4,140.000"}]
[69,{"$nulls":5},"Дидактический матерриал Окружающий мир.Игрушки",{"$nulls":30},"Штука",{"$nulls":7},{"v":250,"d":"250.00р."},{"$nulls":11},{"v":8,"d":"8.0000"},{"$nulls":10},{"v":2000,"d":"2,000.000"}]
[70,{"$nulls":5},"Диск Здоровье",{"$nulls":30},"Штука",{"$nulls":7},{"v":300,"d":"300.00р."},{"$nulls":11},{"v":8,"d":"8.0000"},{"$nulls":10},{"v":2400,"d":"2,400.000"}]
[71,{"$nulls":5},"Диск ФИСБИ (летающая тарелка)",{"$nulls":30},"Штука",{"$nulls":7},{"v":180,"d":"180.00р."},{"$nulls":11},{"v":24,"d":"24.0000"},{"$nulls":10},{"v":4320,"d":"4,320.000"}]
[72,{"$nulls":5},"Дозатор локтевой настенный ДУ010",{"$nulls":30},"Штука",{"$nulls":7},{"v":2400,"d":"2,400.00р."},{"$nulls":11},{"v":6,"d":"6.0000"},{"$nulls":10},{"v":14400,"d":"14,400.000"}]
[73,{"$nulls":5},"Домик в сеточке",{"$nulls":30},"Штука",{"$nulls":7},{"v":309.42,"d":"309.42р."},{"$nulls":11},{"v":10,"d":"10.0000"},{"$nulls":10},{"v":3094.2,"d":"3,094.200"}]
[74,{"$nulls":5},"Домино в ассортименте",{"$nulls":30},"Штука",{"$nulls":7},{"v":130,"d":"130.00р."},{"$nulls":11},{"v":77,"d":"77.0000"},{"$nulls":10},{"v":10010,"d":"10,010.000"}]
[75,{"$nulls":5},"Дорожка-балансир(лестница веровочная напольная)",{"$nulls":30},"Штука",{"$nulls":7},{"v":2700,"d":"2,700.00р."},{"$nulls":11},{"v":4,"d":"4.0000"},{"$nulls":10},{"v":10800,"d":"10,800.000"}]
[76,{"$nulls":5},"Дорожка для лестничных пролетов В853,39,1,0 Россия",{"$nulls":30},"Штука",{"$nulls":7},{"v":650,"d":"650.00р."},{"$nulls":11},{"v":75,"d":"75.0000"},{"$nulls":10},{"v":48750,"d":"48,750.000"}]
[77,{"$nulls":5},"Доска гладильная 1250*400мм, регул.высота",{"$nulls":30},"Штука",{"$nulls":7},{"v":1240,"d":"1,240.00р."},{"$nulls":11},{"v":2,"d":"2.0000"},{"$nulls":10},{"v":2480,"d":"2,480.000"}]
[78,{"$nulls":5},"Доска гладкая с зацепами 150*20*3см",{"$nulls":30},"Штука",{"$nulls":7},{"v":2240,"d":"2,240.00р."},{"$nulls":11},{"v":3,"d":"3.0000"},{"$nulls":10},{"v":6720,"d":"6,720.000"}]
[79,{"$nulls":5},"Доска для рисования мелками",{"$nulls":30},"Штука",{"$nulls":7},{"v":1333.8,"d":"1,333.80р."},{"$nulls":11},{"v":11,"d":"11.0000"},{"$nulls":10},{"v":14671.8,"d":"14,671.800"}]
[80,{"$nulls":5},"Доска навесная гладкая с зацепами 2,5*0,23м",{"$nulls":30},"Штука",{"$nulls":7},{"v":2240,"d":"2,240.00р."},{"$nulls":11},{"v":2,"d":"2.0000"},{"$nulls":10},{"v":4480,"d":"4,480.000"}]
[81,{"$nulls":5},"Доска ребристая навесная 1,5*0,2м",{"$nulls":30},"Штука",{"$nulls":7},{"v":1834,"d":"1,834.00р."},{"$nulls":11},{"v":5,"d":"5.0000"},{"$nulls":10},{"v":9170,"d":"9,170.000"}]
[82,{"$nulls":5},"Дуги для подлезания (30,40,50см) 3шт дерево",{"$nulls":30},"Штука",{"$nulls":7},{"v":1960,"d":"1,960.00р."},{"$nulls":11},{"v":1,"d":"1.0000"},{"$nulls":10},{"v":1960,"d":"1,960.000"}]
[83,{"$nulls":5},"Дудочка Д216",{"$nulls":30},"Штука",{"$nulls":7},{"v":56,"d":"56.00р."},{"$nulls":11},{"v":10,"d":"10.0000"},{"$nulls":10},{"v":560,"d":"560.000"}]
[84,{"$nulls":5},"Дуршлак сферический на основании 4,75л d 29см нерж сталь",{"$nulls":30},"Штука",{"$nulls":7},{"v":327.67,"d":"327.67р."},{"$nulls":11},{"v":4,"d":"4.0000"},{"$nulls":10},{"v":1310.68,"d":"1,310.680"}]
[85,{"$nulls":5},"Ерш туалетный с подставкой",{"$nulls":30},"Штука",{"$nulls":7},{"v":80.5,"d":"80.50р."},{"$nulls":11},{"v":100,"d":"100.0000"},{"$nulls":10},{"v":8050,"d":"8,050.000"}]
[86,{"$nulls":5},"Жалюзи пластик",{"$nulls":30},"Штука",{"$nulls":7},{"v":899.31,"d":"899.31р."},{"$nulls":11},{"v":38,"d":"38.0000"},{"$nulls":10},{"v":34173.83,"d":"34,173.830"}]
[87,{"$nulls":5},"Жалюзи тканевые Лайн",{"$nulls":30},"Штука",{"$nulls":7},{"v":201.97,"d":"201.97р."},{"$nulls":11},{"v":35,"d":"35.0000"},{"$nulls":10},{"v":7069.05,"d":"7,069.050"}]
[88,{"$nulls":5},"Жгут кровоостанав.резин.рефл.",{"$nulls":30},"Штука",{"$nulls":7},{"v":66,"d":"66.00р."},{"$nulls":11},{"v":8,"d":"8.0000"},{"$nulls":10},{"v":528,"d":"528.000"}]
[89,{"$nulls":5},"Железная дорога",{"$nulls":30},"Штука",{"$nulls":7},{"v":350,"d":"350.00р."},{"$nulls":11},{"v":11,"d":"11.0000"},{"$nulls":10},{"v":3850,"d":"3,850.000"}]
[90,{"$nulls":5},"Живая и неживая природа",{"$nulls":30},"Штука",{"$nulls":7},{"v":98.42,"d":"98.42р."},{"$nulls":11},{"v":5,"d":"5.0000"},{"$nulls":10},{"v":492.1,"d":"492.100"}]
[91,{"$nulls":5},"Животное, несущее массу ребенка (зебра)",{"$nulls":30},"Штука",{"$nulls":7},{"v":2500,"d":"2,500.00р."},{"$nulls":11},{"v":18,"d":"18.0000"},{"$nulls":10},{"v":45000,"d":"45,000.000"}]
[92,{"$nulls":5},"Животные в ассортименте",{"$nulls":30},"Штука",{"$nulls":7},{"v":100,"d":"100.00р."},{"$nulls":11},{"v":22,"d":"22.0000"},{"$nulls":10},{"v":2200,"d":"2,200.000"}]
[93,{"$nulls":5},"Загадки о животных",{"$nulls":30},"Штука",{"$nulls":7},{"v":76.55,"d":"76.55р."},{"$nulls":11},{"v":5,"d":"5.0000"},{"$nulls":10},{"v":382.75,"d":"382.750"}]
[94,{"$nulls":5},"Земля",{"$nulls":30},"Квадратный метр",{"$nulls":7},{"v":7511.98,"d":"7,511.98р."},{"$nulls":11},{"v":9179,"d":"9179.0000"},{"$nulls":10},{"v":68952464.42,"d":"68,952,464.420"}]
[95,{"$nulls":5},"Зеркало 50*60",{"$nulls":30},"Штука",{"$nulls":7},{"v":1300,"d":"1,300.00р."},{"$nulls":11},{"v":30,"d":"30.0000"},{"$nulls":10},{"v":39000,"d":"39,000.000"}]
[96,{"$nulls":5},"Зеркало 650*650",{"$nulls":30},"Штука",{"$nulls":7},{"v":1100,"d":"1,100.00р."},{"$nulls":11},{"v":26,"d":"26.0000"},{"$nulls":10},{"v":28600,"d":"28,600.000"}]
[97,{"$nulls":5},"Зеркало 80*90",{"$nulls":30},"Штука",{"$nulls":7},{"v":1600,"d":"1,600.00р."},{"$nulls":11},{"v":14,"d":"14.0000"},{"$nulls":10},{"v":22400,"d":"22,400.000"}]
[98,{"$nulls":5},"Змейка-канат 2,0м",{"$nulls":30},"Штука",{"$nulls":7},{"v":1670,"d":"1,670.00р."},{"$nulls":11},{"v":8,"d":"8.0000"},{"$nulls":10},{"v":13360,"d":"13,360.000"}]
[99,{"$nulls":5},"(ЗО) Держатель для чеков 61см,нерж.сталь",{"$nulls":30},"Штука",{"$nulls":7},{"v":350.14,"d":"350.14р."},{"$nulls":11},{"v":20,"d":"20.0000"},{"$nulls":10},{"v":7002.8,"d":"7,002.800"}]
[100,{"$nulls":5},"Игра.Блоки Дьенеша",{"$nulls":30},"Штука",{"$nulls":7},{"v":400,"d":"400.00р."},{"$nulls":11},{"v":22,"d":"22.0000"},{"$nulls":10},{"v":8800,"d":"8,800.000"}]
[101,{"$nulls":5},"Игра в короткие слова",{"$nulls":30},"Штука",{"$nulls":7},{"v":98.42,"d":"98.42р."},{"$nulls":11},{"v":5,"d":"5.0000"},{"$nulls":10},{"v":492.1,"d":"492.100"}]
[102,{"$nulls":5},"Игра Дроби компл.1 катег Б.Н.Никитина",{"$nulls":30},"Штука",{"$nulls":7},{"v":190,"d":"190.00р."},{"$nulls":11},{"v":8,"d":"8.0000"},{"$nulls":10},{"v":1520,"d":"1,520.000"}]
[103,{"$nulls":5},"Игра Дроби компл. 2катег Б.Н.Никитина",{"$nulls":30},"Штука",{"$nulls":7},{"v":250,"d":"250.00р."},{"$nulls":11},{"v":8,"d":"8.0000"},{"$nulls":10},{"v":2000,"d":"2,000.000"}]
[104,{"$nulls":5},"Игра. Уни-куб в коробке(А.Б.Никитина)",{"$nulls":30},"Штука",{"$nulls":7},{"v":440,"d":"440.00р."},{"$nulls":11},{"v":6,"d":"6.0000"},{"$nulls":10},{"v":2640,"d":"2,640.000"}]
[105,{"$nulls":5},"Игра \"Цветные фишки\"",{"$nulls":30},"Штука",{"$nulls":7},{"v":500,"d":"500.00р."},{"$nulls":11},{"v":20,"d":"20.0000"},{"$nulls":10},{"v":10000,"d":"10,000.000"}]
[106,{"$nulls":5},"Игра.Чудесный мешочек",{"$nulls":30},"Штука",{"$nulls":7},{"v":600,"d":"600.00р."},{"$nulls":11},{"v":10,"d":"10.0000"},{"$nulls":10},{"v":6000,"d":"6,000.000"}]
[107,{"$nulls":5},"Игра.Чудо-куб в коробке (Б.Н. Никитина)",{"$nulls":30},"Штука",{"$nulls":7},{"v":500,"d":"500.00р."},{"$nulls":11},{"v":6,"d":"6.0000"},{"$nulls":10},{"v":3000,"d":"3,000.000"}]
[108,{"$nulls":5},"Игровой комплект \"Шесть трапеций\"",{"$nulls":30},"Штука",{"$nulls":7},{"v":450,"d":"450.00р."},{"$nulls":11},{"v":20,"d":"20.0000"},{"$nulls":10},{"v":9000,"d":"9,000.000"}]
[109,{"$nulls":5},"Игровой модуль конструктора с песком и водой",{"$nulls":30},"Штука",{"$nulls":7},{"v":2700,"d":"2,700.00р."},{"$nulls":11},{"v":11,"d":"11.0000"},{"$nulls":10},{"v":29700,"d":"29,700.000"}]
[110,{"$nulls":5},"Игровой модуль Кухня",{"$nulls":30},"Штука",{"$nulls":7},{"v":700,"d":"700.00р."},{"$nulls":11},{"v":11,"d":"11.0000"},{"$nulls":10},{"v":7700,"d":"7,700.000"}]
[111,{"$nulls":5},"Игровой модуль Мастерская",{"$nulls":30},"Штука",{"$nulls":7},{"v":400,"d":"400.00р."},{"$nulls":11},{"v":11,"d":"11.0000"},{"$nulls":10},{"v":4400,"d":"4,400.000"}]
[112,{"$nulls":5},"Игрушки мелкие",{"$nulls":30},"Штука",{"$nulls":7},{"v":200,"d":"200.00р."},{"$nulls":11},{"v":100,"d":"100.0000"},{"$nulls":10},{"v":20000,"d":"20,000.000"}]
[113,{"$nulls":5},"Игры шнуровки для дет.моторики",{"$nulls":30},"Штука",{"$nulls":7},{"v":60,"d":"60.00р."},{"$nulls":11},{"v":24,"d":"24.0000"},{"$nulls":10},{"v":1440,"d":"1,440.000"}]
[114,{"$nulls":5},"Игры шнуровки различной сложности",{"$nulls":30},"Штука",{"$nulls":7},{"v":200,"d":"200.00р."},{"$nulls":11},{"v":88,"d":"88.0000"},{"$nulls":10},{"v":17600,"d":"17,600.000"}]
[115,{"$nulls":5},"Кабин.табл.в проф. Нельсон габарит.разм. 150*300мм-пласт.3мм закатан.винилов.пленкой ORACAL 641 проф.Нельсон,крепеж",{"$nulls":30},"Штука",{"$nulls":7},{"v":1067.7,"d":"1,067.70р."},{"$nulls":11},{"v":95,"d":"95.0000"},{"$nulls":10},{"v":101431.5,"d":"101,431.500"}]
[116,{"$nulls":5},"Канат гладкий L=2,7-3,0м",{"$nulls":30},"Штука",{"$nulls":7},{"v":1200,"d":"1,200.00р."},{"$nulls":11},{"v":1,"d":"1.0000"},{"$nulls":10},{"v":1200,"d":"1,200.000"}]
[117,{"$nulls":5},"Канат для лазания с узлами 2,3м",{"$nulls":30},"Штука",{"$nulls":7},{"v":1750,"d":"1,750.00р."},{"$nulls":11},{"v":1,"d":"1.0000"},{"$nulls":10},{"v":1750,"d":"1,750.000"}]
[118,{"$nulls":5},"Канат для лазания (с узлами,х/б,3,0м)",{"$nulls":30},"Штука",{"$nulls":7},{"v":1380,"d":"1,380.00р."},{"$nulls":11},{"v":8,"d":"8.0000"},{"$nulls":10},{"v":11040,"d":"11,040.000"}]
[119,{"$nulls":5},"Канат для перетягивания х/б,3,0м)",{"$nulls":30},"Штука",{"$nulls":7},{"v":1500,"d":"1,500.00р."},{"$nulls":11},{"v":2,"d":"2.0000"},{"$nulls":10},{"v":3000,"d":"3,000.000"}]
[120,{"$nulls":5},"канцтовары",{"$nulls":30},"Штука",{"$nulls":7},{"v":64.28,"d":"64.28р."},{"$nulls":11},{"v":466,"d":"466.0000"},{"$nulls":10},{"v":29954.15,"d":"29,954.150"}]
[121,{"$nulls":5},"Карапуз девочка",{"$nulls":30},"Штука",{"$nulls":7},{"v":282.93,"d":"282.93р."},{"$nulls":11},{"v":22,"d":"22.0000"},{"$nulls":10},{"v":6224.46,"d":"6,224.460"}]
[122,{"$nulls":5},"Карапуз мальчик",{"$nulls":30},"Штука",{"$nulls":7},{"v":269.38,"d":"269.38р."},{"$nulls":11},{"v":22,"d":"22.0000"},{"$nulls":10},{"v":5926.36,"d":"5,926.360"}]
[123,{"$nulls":5},"Касса букв и слогов",{"$nulls":30},"Штука",{"$nulls":7},{"v":100,"d":"100.00р."},{"$nulls":11},{"v":80,"d":"80.0000"},{"$nulls":10},{"v":8000,"d":"8,000.000"}]
[124,{"$nulls":5},"Кассета для столовых приборов без ручек, 8 ячеек 42,5*20,5*15 см цвет бежевый",{"$nulls":30},"Штука",{"$nulls":7},{"v":424.57,"d":"424.57р."},{"$nulls":11},{"v":50,"d":"50.0000"},{"$nulls":10},{"v":21228.5,"d":"21,228.500"}]
[125,{"$nulls":5},"Кастаньеты Д219",{"$nulls":30},"Штука",{"$nulls":7},{"v":80,"d":"80.00р."},{"$nulls":11},{"v":8,"d":"8.0000"},{"$nulls":10},{"v":640,"d":"640.000"}]
[126,{"$nulls":5},"Кастрюля без крышки, d28см h18см, 11,1л Professional",{"$nulls":30},"Штука",{"$nulls":7},{"v":2412.59,"d":"2,412.59р."},{"$nulls":11},{"v":15,"d":"15.0000"},{"$nulls":10},{"v":36188.85,"d":"36,188.850"}]
[127,{"$nulls":5},"Кастрюля без крышки, d28см h18см, 11,1л Professional",{"$nulls":30},"Штука",{"$nulls":7},{"v":1075.39,"d":"1,075.39р."},{"$nulls":11},{"v":15,"d":"15.0000"},{"$nulls":10},{"v":16130.8,"d":"16,130.800"}]
[128,{"$nulls":5},"Кастрюля без крышки глубокая, индукционная,d24см h14см,6,75л",{"$nulls":30},"Штука",{"$nulls":7},{"v":1740.4,"d":"1,740.40р."},{"$nulls":11},{"v":20,"d":"20.0000"},{"$nulls":10},{"v":34808,"d":"34,808.000"}]
[129,{"$nulls":5},"Кастрюля без крышки глубокая, индукционная,d28см h17см, 10л",{"$nulls":30},"Штука",{"$nulls":7},{"v":2368.59,"d":"2,368.59р."},{"$nulls":11},{"v":20,"d":"20.0000"},{"$nulls":10},{"v":47371.8,"d":"47,371.800"}]
[130,{"$nulls":5},"Кастрюля средняя без крышки, d16см h 7,5см, 1,5л Professional",{"$nulls":30},"Штука",{"$nulls":7},{"v":730.7,"d":"730.70р."},{"$nulls":11},{"v":25,"d":"25.0000"},{"$nulls":10},{"v":18267.5,"d":"18,267.500"}]
[131,{"$nulls":5},"Кастрюля средняя без крышки, d20см h 9,5см, 2.7л Professional",{"$nulls":30},"Штука",{"$nulls":7},{"v":1029.35,"d":"1,029.35р."},{"$nulls":11},{"v":20,"d":"20.0000"},{"$nulls":10},{"v":20587,"d":"20,587.000"}]
[132,{"$nulls":5},"Кастрюля средняя без крышки, d24см h11,5см, 5.1л Professional",{"$nulls":30},"Штука",{"$nulls":7},{"v":1340.64,"d":"1,340.64р."},{"$nulls":11},{"v":20,"d":"20.0000"},{"$nulls":10},{"v":26812.8,"d":"26,812.800"}]
[133,{"$nulls":5},"Каталка для детей Утенок",{"$nulls":30},"Штука",{"$nulls":7},{"v":1500,"d":"1,500.00р."},{"$nulls":11},{"v":22,"d":"22.0000"},{"$nulls":10},{"v":33000,"d":"33,000.000"}]
[134,{"$nulls":5},"Каталка с сумкой",{"$nulls":30},"Штука",{"$nulls":7},{"v":1020.6,"d":"1,020.60р."},{"$nulls":11},{"v":24,"d":"24.0000"},{"$nulls":10},{"v":24494.4,"d":"24,494.400"}]
[135,{"$nulls":5},"Каталка УТЕНОК  с ластами",{"$nulls":30},"Штука",{"$nulls":7},{"v":131.06,"d":"131.06р."},{"$nulls":11},{"v":22,"d":"22.0000"},{"$nulls":10},{"v":2883.32,"d":"2,883.320"}]
[136,{"$nulls":5},"Катер с логическими фигурами",{"$nulls":30},"Штука",{"$nulls":7},{"v":104.31,"d":"104.31р."},{"$nulls":11},{"v":10,"d":"10.0000"},{"$nulls":10},{"v":1043.1,"d":"1,043.100"}]
[137,{"$nulls":5},"Книга. Алябьева. Игры для детей 4-7лет",{"$nulls":30},"Штука",{"$nulls":7},{"v":80,"d":"80.00р."},{"$nulls":11},{"v":8,"d":"8.0000"},{"$nulls":10},{"v":640,"d":"640.000"}]
[138,{"$nulls":5},"Книга. Английский язык и дошкольник Штайнепрайс М.В.",{"$nulls":30},"Штука",{"$nulls":7},{"v":80,"d":"80.00р."},{"$nulls":11},{"v":2,"d":"2.0000"},{"$nulls":10},{"v":160,"d":"160.000"}]
[139,{"$nulls":5},"Книга.Безопасность Мет.рук/Авдеева/",{"$nulls":30},"Штука",{"$nulls":7},{"v":100,"d":"100.00р."},{"$nulls":11},{"v":4,"d":"4.0000"},{"$nulls":10},{"v":400,"d":"400.000"}]
[140,{"$nulls":5},"Книга белая \"Методическая работа в ДОУ\"",{"$nulls":30},"Штука",{"$nulls":7},{"v":75,"d":"75.00р."},{"$nulls":11},{"v":1,"d":"1.0000"},{"$nulls":10},{"v":75,"d":"75.000"}]
[141,{"$nulls":5},"Книга Занятия по изобразит.деятельн.в млад.группе ДС",{"$nulls":30},"Штука",{"$nulls":7},{"v":130,"d":"130.00р."},{"$nulls":11},{"v":8,"d":"8.0000"},{"$nulls":10},{"v":1040,"d":"1,040.000"}]
[142,{"$nulls":5},"Книга Занятия по изобразит.деятельн.в сред.группе ДС",{"$nulls":30},"Штука",{"$nulls":7},{"v":130,"d":"130.00р."},{"$nulls":11},{"v":8,"d":"8.0000"},{"$nulls":10},{"v":1040,"d":"1,040.000"}]
[143,{"$nulls":5},"Книга Занятия по изобразит.деятельн.в старшей.группе ДС",{"$nulls":30},"Штука",{"$nulls":7},{"v":130,"d":"130.00р."},{"$nulls":11},{"v":8,"d":"8.0000"},{"$nulls":10},{"v":1040,"d":"1,040.000"}]
[144,{"$nulls":5},"Книга Играем в сказку \"Теремок .Репка.Три порсенка\"",{"$nulls":30},"Штука",{"$nulls":7},{"v":540,"d":"540.00р."},{"$nulls":11},{"v":8,"d":"8.0000"},{"$nulls":10},{"v":4320,"d":"4,320.000"}]
[145,{"$nulls":5},"Книга играем в сказку \"Три медведя\"",{"$nulls":30},"Штука",{"$nulls":7},{"v":180,"d":"180.00р."},{"$nulls":11},{"v":8,"d":"8.0000"},{"$nulls":10},{"v":1440,"d":"1,440.000"}]
[146,{"$nulls":5},"Книга изобразит.деятель. в дет.сад.младш.группа",{"$nulls":30},"Штука",{"$nulls":7},{"v":150,"d":"150.00р."},{"$nulls":11},{"v":8,"d":"8.0000"},{"$nulls":10},{"v":1200,"d":"1,200.000"}]
[147,{"$nulls":5},"Книга изобразит.деятель. в дет.сад.подготов.группа",{"$nulls":30},"Штука",{"$nulls":7},{"v":150,"d":"150.00р."},{"$nulls":11},{"v":8,"d":"8.0000"},{"$nulls":10},{"v":1200,"d":"1,200.000"}]
[148,{"$nulls":5},"Книга изобразит.деятель. в дет.сад.ранний возраст",{"$nulls":30},"Штука",{"$nulls":7},{"v":150,"d":"150.00р."},{"$nulls":11},{"v":8,"d":"8.0000"},{"$nulls":10},{"v":1200,"d":"1,200.000"}]
[149,{"$nulls":5},"Книга. Изобразит.деятель. в ДС старшая группа",{"$nulls":30},"Штука",{"$nulls":7},{"v":150,"d":"150.00р."},{"$nulls":11},{"v":8,"d":"8.0000"},{"$nulls":10},{"v":1200,"d":"1,200.000"}]
[150,{"$nulls":5},"Книга.Колесникова \"Матем.для дошк.5-6 лет\" Методическ.пособие",{"$nulls":30},"Штука",{"$nulls":7},{"v":50,"d":"50.00р."},{"$nulls":11},{"v":6,"d":"6.0000"},{"$nulls":10},{"v":300,"d":"300.000"}]
[151,{"$nulls":5},"Книга.Колесникова \"Матем.для дошк.6-7 лет\" Методическ.пособие",{"$nulls":30},"Штука",{"$nulls":7},{"v":50,"d":"50.00р."},{"$nulls":11},{"v":6,"d":"6.0000"},{"$nulls":10},{"v":300,"d":"300.000"}]
[152,{"$nulls":5},"Книга.Кроха.Играем с малышами",{"$nulls":30},"Штука",{"$nulls":7},{"v":84,"d":"84.00р."},{"$nulls":11},{"v":2,"d":"2.0000"},{"$nulls":10},{"v":168,"d":"168.000"}]
[153,{"$nulls":5},"Книга.Кроха. Малыш в мире природы",{"$nulls":30},"Штука",{"$nulls":7},{"v":84,"d":"84.00р."},{"$nulls":11},{"v":2,"d":"2.0000"},{"$nulls":10},{"v":168,"d":"168.000"}]
[154,{"$nulls":5},"Книга.Кроха.Математические рекоментации",{"$nulls":30},"Штука",{"$nulls":7},{"v":160,"d":"160.00р."},{"$nulls":11},{"v":4,"d":"4.0000"},{"$nulls":10},{"v":640,"d":"640.000"}]
[155,{"$nulls":5},"Книга.Кроха.Программа воспитания детей раннего возраста в усл.ДОУ",{"$nulls":30},"Штука",{"$nulls":7},{"v":84,"d":"84.00р."},{"$nulls":11},{"v":2,"d":"2.0000"},{"$nulls":10},{"v":168,"d":"168.000"}]
[156,{"$nulls":5},"Книга. Куцакова \"Конструирование и художеств.труда в ДС",{"$nulls":30},"Штука",{"$nulls":7},{"v":78,"d":"78.00р."},{"$nulls":11},{"v":10,"d":"10.0000"},{"$nulls":10},{"v":780,"d":"780.000"}]
[157,{"$nulls":5},"Книга. Мир в картинках \"Гжель\"",{"$nulls":30},"Штука",{"$nulls":7},{"v":95,"d":"95.00р."},{"$nulls":11},{"v":2,"d":"2.0000"},{"$nulls":10},{"v":190,"d":"190.000"}]
[158,{"$nulls":5},"Книга. Мир в картинках. Городец Роспись по дереву",{"$nulls":30},"Штука",{"$nulls":7},{"v":95,"d":"95.00р."},{"$nulls":11},{"v":2,"d":"2.0000"},{"$nulls":10},{"v":190,"d":"190.000"}]
[159,{"$nulls":5},"Книга. Мир в картинках Дымовская игрушка",{"$nulls":30},"Штука",{"$nulls":7},{"v":95,"d":"95.00р."},{"$nulls":11},{"v":2,"d":"2.0000"},{"$nulls":10},{"v":190,"d":"190.000"}]
[160,{"$nulls":5},"Книга. Мир в картинках животный жарких стран и Севера",{"$nulls":30},"Штука",{"$nulls":7},{"v":95,"d":"95.00р."},{"$nulls":11},{"v":2,"d":"2.0000"},{"$nulls":10},{"v":190,"d":"190.000"}]
[161,{"$nulls":5},"Книга. Мир в картинках Инструменты",{"$nulls":30},"Штука",{"$nulls":7},{"v":95,"d":"95.00р."},{"$nulls":11},{"v":4,"d":"4.0000"},{"$nulls":10},{"v":380,"d":"380.000"}]
[162,{"$nulls":5},"Книга. Мир в картинках Насекомые",{"$nulls":30},"Штука",{"$nulls":7},{"v":95,"d":"95.00р."},{"$nulls":11},{"v":4,"d":"4.0000"},{"$nulls":10},{"v":380,"d":"380.000"}]
[163,{"$nulls":5},"Книга.М.Л.Лазарев \"Здравствуй\"",{"$nulls":30},"Штука",{"$nulls":7},{"v":185,"d":"185.00р."},{"$nulls":11},{"v":7,"d":"7.0000"},{"$nulls":10},{"v":1295,"d":"1,295.000"}]
[164,{"$nulls":5},"Книга.Никифорова Вот такой наш детский сад",{"$nulls":30},"Штука",{"$nulls":7},{"v":138,"d":"138.00р."},{"$nulls":11},{"v":2,"d":"2.0000"},{"$nulls":10},{"v":276,"d":"276.000"}]
[165,{"$nulls":5},"Книга.От навыков к творчеству. Обучение детей 2-7лет",{"$nulls":30},"Штука",{"$nulls":7},{"v":90,"d":"90.00р."},{"$nulls":11},{"v":5,"d":"5.0000"},{"$nulls":10},{"v":450,"d":"450.000"}]
[166,{"$nulls":5},"Книга.Полтавцева Н.В.Физкультура в ДОУ 4-5 лет",{"$nulls":30},"Штука",{"$nulls":7},{"v":100,"d":"100.00р."},{"$nulls":11},{"v":3,"d":"3.0000"},{"$nulls":10},{"v":300,"d":"300.000"}]
[167,{"$nulls":5},"Книга.Полтавцева Н.В.Физкультура в ДОУ 7 лет",{"$nulls":30},"Штука",{"$nulls":7},{"v":100,"d":"100.00р."},{"$nulls":11},{"v":3,"d":"3.0000"},{"$nulls":10},{"v":300,"d":"300.000"}]
[168,{"$nulls":5},"Книга.Радость творчества (5-7лет) Соломенникова О.А",{"$nulls":30},"Штука",{"$nulls":7},{"v":127,"d":"127.00р."},{"$nulls":11},{"v":3,"d":"3.0000"},{"$nulls":10},{"v":381,"d":"381.000"}]
[169,{"$nulls":5},"Коврик 50*50 диэлектри.",{"$nulls":30},"Штука",{"$nulls":7},{"v":450,"d":"450.00р."},{"$nulls":11},{"v":10,"d":"10.0000"},{"$nulls":10},{"v":4500,"d":"4,500.000"}]
[170,{"$nulls":5},"Коврик гимнастический напольный 180*60*0,8см",{"$nulls":30},"Штука",{"$nulls":7},{"v":540,"d":"540.00р."},{"$nulls":11},{"v":4,"d":"4.0000"},{"$nulls":10},{"v":2160,"d":"2,160.000"}]
[171,{"$nulls":5},"Ковровая дорожка В853.39.1.0Россия",{"$nulls":30},"Штука",{"$nulls":7},{"v":650,"d":"650.00р."},{"$nulls":11},{"v":350,"d":"350.0000"},{"$nulls":10},{"v":227500,"d":"227,500.000"}]
[172,{"$nulls":5},"Ковры на резиновой основе",{"$nulls":30},"Штука",{"$nulls":7},{"v":1040,"d":"1,040.00р."},{"$nulls":11},{"v":6,"d":"6.0000"},{"$nulls":10},{"v":6240,"d":"6,240.000"}]
[173,{"$nulls":5},"Колокольчик наручные (бубенцы) Д220",{"$nulls":30},"Штука",{"$nulls":7},{"v":165,"d":"165.00р."},{"$nulls":11},{"v":20,"d":"20.0000"},{"$nulls":10},{"v":3300,"d":"3,300.000"}]
[174,{"$nulls":5},"Кольцеброс(конус+5колец)",{"$nulls":30},"Штука",{"$nulls":7},{"v":598,"d":"598.00р."},{"$nulls":11},{"v":5,"d":"5.0000"},{"$nulls":10},{"v":2990,"d":"2,990.000"}]
[175,{"$nulls":5},"Коляска для кукол",{"$nulls":30},"Штука",{"$nulls":7},{"v":440,"d":"440.00р."},{"$nulls":11},{"v":33,"d":"33.0000"},{"$nulls":10},{"v":14520,"d":"14,520.000"}]
[176,{"$nulls":5},"Комплект для игры Магазин",{"$nulls":30},"Штука",{"$nulls":7},{"v":600,"d":"600.00р."},{"$nulls":11},{"v":11,"d":"11.0000"},{"$nulls":10},{"v":6600,"d":"6,600.000"}]
[177,{"$nulls":5},"Комплект кухонной посуды 12 элементов",{"$nulls":30},"Штука",{"$nulls":7},{"v":120,"d":"120.00р."},{"$nulls":11},{"v":11,"d":"11.0000"},{"$nulls":10},{"v":1320,"d":"1,320.000"}]
[178,{"$nulls":5},"Комплект мебели для игры",{"$nulls":30},"Штука",{"$nulls":7},{"v":350,"d":"350.00р."},{"$nulls":11},{"v":11,"d":"11.0000"},{"$nulls":10},{"v":3850,"d":"3,850.000"}]
[179,{"$nulls":5},"Комплект мячей массажеров",{"$nulls":30},"Штука",{"$nulls":7},{"v":280,"d":"280.00р."},{"$nulls":11},{"v":55,"d":"55.0000"},{"$nulls":10},{"v":15400,"d":"15,400.000"}]
[180,{"$nulls":5},"Комплект разоцветных кеглей",{"$nulls":30},"Штука",{"$nulls":7},{"v":380,"d":"380.00р."},{"$nulls":11},{"v":22,"d":"22.0000"},{"$nulls":10},{"v":8360,"d":"8,360.000"}]
[181,{"$nulls":5},"Комплект столовой посуды",{"$nulls":30},"Штука",{"$nulls":7},{"v":180,"d":"180.00р."},{"$nulls":11},{"v":11,"d":"11.0000"},{"$nulls":10},{"v":1980,"d":"1,980.000"}]
[182,{"$nulls":5},"Комплект счетного материала",{"$nulls":30},"Штука",{"$nulls":7},{"v":120,"d":"120.00р."},{"$nulls":11},{"v":11,"d":"11.0000"},{"$nulls":10},{"v":1320,"d":"1,320.000"}]
[183,{"$nulls":5},"Комплект таблиц \"Введение в цветовед.\" 16таблиц",{"$nulls":30},"Штука",{"$nulls":7},{"v":2200,"d":"2,200.00р."},{"$nulls":11},{"v":11,"d":"11.0000"},{"$nulls":10},{"v":24200,"d":"24,200.000"}]
[184,{"$nulls":5},"Комплект таблиц Декор-приклад искусства 6 таблиц",{"$nulls":30},"Штука",{"$nulls":7},{"v":1060,"d":"1,060.00р."},{"$nulls":11},{"v":8,"d":"8.0000"},{"$nulls":10},{"v":8480,"d":"8,480.000"}]
[185,{"$nulls":5},"Комплект таблиц \"Основы декор.приклад.искусства\"12таблиц",{"$nulls":30},"Штука",{"$nulls":7},{"v":2040,"d":"2,040.00р."},{"$nulls":11},{"v":6,"d":"6.0000"},{"$nulls":10},{"v":12240,"d":"12,240.000"}]
[186,{"$nulls":5},"Комплект таблиц \"Цветоведение\" 18табл",{"$nulls":30},"Штука",{"$nulls":7},{"v":2700,"d":"2,700.00р."},{"$nulls":11},{"v":6,"d":"6.0000"},{"$nulls":10},{"v":16200,"d":"16,200.000"}]
[187,{"$nulls":5},"Конструктор/дерево",{"$nulls":30},"Штука",{"$nulls":7},{"v":250,"d":"250.00р."},{"$nulls":11},{"v":24,"d":"24.0000"},{"$nulls":10},{"v":6000,"d":"6,000.000"}]
[188,{"$nulls":5},"Контейнеры для хранения мелких игрушек",{"$nulls":30},"Штука",{"$nulls":7},{"v":250,"d":"250.00р."},{"$nulls":11},{"v":110,"d":"110.0000"},{"$nulls":10},{"v":27500,"d":"27,500.000"}]
[189,{"$nulls":5},"Корзина для мусора",{"$nulls":30},"Штука",{"$nulls":7},{"v":57,"d":"57.00р."},{"$nulls":11},{"v":20,"d":"20.0000"},{"$nulls":10},{"v":1140,"d":"1,140.000"}]
[190,{"$nulls":5},"Корзина для пикника 390*200*230",{"$nulls":30},"Штука",{"$nulls":7},{"v":308,"d":"308.00р."},{"$nulls":11},{"v":11,"d":"11.0000"},{"$nulls":10},{"v":3388,"d":"3,388.000"}]
[191,{"$nulls":5},"Корзина под бах",{"$nulls":30},"Штука",{"$nulls":7},{"v":340,"d":"340.00р."},{"$nulls":11},{"v":4,"d":"4.0000"},{"$nulls":10},{"v":1360,"d":"1,360.000"}]
[192,{"$nulls":5},"Коробка стерилизованная с фильтром КФ-12",{"$nulls":30},"Штука",{"$nulls":7},{"v":1123,"d":"1,123.00р."},{"$nulls":11},{"v":9,"d":"9.0000"},{"$nulls":10},{"v":10107,"d":"10,107.000"}]
[193,{"$nulls":5},"Коробка стерилизованная с фильтром КФ-3",{"$nulls":30},"Штука",{"$nulls":7},{"v":543,"d":"543.00р."},{"$nulls":11},{"v":9,"d":"9.0000"},{"$nulls":10},{"v":4887,"d":"4,887.000"}]
[194,{"$nulls":5},"костюм \"Каприз\"",{"$nulls":30},"Штука",{"$nulls":7},{"v":1113,"d":"1,113.00р."},{"$nulls":11},{"v":2,"d":"2.0000"},{"$nulls":10},{"v":2226,"d":"2,226.000"}]
[195,{"$nulls":5},"костюм \"Лиза\"",{"$nulls":30},"Штука",{"$nulls":7},{"v":849.75,"d":"849.75р."},{"$nulls":11},{"v":2,"d":"2.0000"},{"$nulls":10},{"v":1699.5,"d":"1,699.500"}]
[196,{"$nulls":5},"костюм \"Статус\"",{"$nulls":30},"Штука",{"$nulls":7},{"v":2304.75,"d":"2,304.75р."},{"$nulls":11},{"v":2,"d":"2.0000"},{"$nulls":10},{"v":4609.5,"d":"4,609.500"}]
[197,{"$nulls":5},"костюм \"Фаворит\"",{"$nulls":30},"Штука",{"$nulls":7},{"v":1512,"d":"1,512.00р."},{"$nulls":11},{"v":2,"d":"2.0000"},{"$nulls":10},{"v":3024,"d":"3,024.000"}]
[198,{"$nulls":5},"косынка",{"$nulls":30},"Штука",{"$nulls":7},{"v":84,"d":"84.00р."},{"$nulls":11},{"v":20,"d":"20.0000"},{"$nulls":10},{"v":1680,"d":"1,680.000"}]
[199,{"$nulls":5},"Косынка для мл.персонала",{"$nulls":30},"Штука",{"$nulls":7},{"v":150,"d":"150.00р."},{"$nulls":11},{"v":20,"d":"20.0000"},{"$nulls":10},{"v":3000,"d":"3,000.000"}]
[200,{"$nulls":5},"Котел без крышки, индукционный, d20см h20см, 6,2л",{"$nulls":30},"Штука",{"$nulls":7},{"v":1603.71,"d":"1,603.71р."},{"$nulls":11},{"v":10,"d":"10.0000"},{"$nulls":10},{"v":16037.1,"d":"16,037.100"}]
[201,{"$nulls":5},"Котел без крышки, индукционный, d36см h36см, 50л",{"$nulls":30},"Штука",{"$nulls":7},{"v":58.51,"d":"58.51р."},{"$nulls":11},{"v":654,"d":"654.0000"},{"$nulls":10},{"v":38265.54,"d":"38,265.540"}]
[202,{"$nulls":5},"Кресло рабочее поворотное \"Престиж\"",{"$nulls":30},"Штука",{"$nulls":7},{"v":1400,"d":"1,400.00р."},{"$nulls":11},{"v":3,"d":"3.0000"},{"$nulls":10},{"v":4200,"d":"4,200.000"}]
[203,{"$nulls":5},"кровать детская",{"$nulls":30},"Штука",{"$nulls":7},{"v":1950,"d":"1,950.00р."},{"$nulls":11},{"v":8,"d":"8.0000"},{"$nulls":10},{"v":15600,"d":"15,600.000"}]
[204,{"$nulls":5},"Кровать детская 1432*636*600",{"$nulls":30},"Штука",{"$nulls":7},{"v":1700,"d":"1,700.00р."},{"$nulls":11},{"v":220,"d":"220.0000"},{"$nulls":10},{"v":374000,"d":"374,000.000"}]
[205,{"$nulls":5},"кружка 200мл",{"$nulls":30},"Штука",{"$nulls":7},{"v":48,"d":"48.00р."},{"$nulls":11},{"v":270,"d":"270.0000"},{"$nulls":10},{"v":12960,"d":"12,960.000"}]
[206,{"$nulls":5},"Кружка детская 210мл",{"$nulls":30},"Штука",{"$nulls":7},{"v":35,"d":"35.00р."},{"$nulls":11},{"v":600,"d":"600.0000"},{"$nulls":10},{"v":21000,"d":"21,000.000"}]
[207,{"$nulls":5},"Крупногабаритный конструктор (Кроха классик)",{"$nulls":30},"Штука",{"$nulls":7},{"v":650,"d":"650.00р."},{"$nulls":11},{"v":11,"d":"11.0000"},{"$nulls":10},{"v":7150,"d":"7,150.000"}]
[208,{"$nulls":5},"Ксилофон 12 тонов (дерево)",{"$nulls":30},"Штука",{"$nulls":7},{"v":550,"d":"550.00р."},{"$nulls":11},{"v":10,"d":"10.0000"},{"$nulls":10},{"v":5500,"d":"5,500.000"}]
[209,{"$nulls":5},"Ксилофон 12 тонов (металл)",{"$nulls":30},"Штука",{"$nulls":7},{"v":550,"d":"550.00р."},{"$nulls":11},{"v":8,"d":"8.0000"},{"$nulls":10},{"v":4400,"d":"4,400.000"}]
[210,{"$nulls":5},"Ксилофон 15 тонов (дерево)",{"$nulls":30},"Штука",{"$nulls":7},{"v":650,"d":"650.00р."},{"$nulls":11},{"v":8,"d":"8.0000"},{"$nulls":10},{"v":5200,"d":"5,200.000"}]
[211,{"$nulls":5},"Ксилофон 8 тонов (дерево)",{"$nulls":30},"Штука",{"$nulls":7},{"v":550,"d":"550.00р."},{"$nulls":11},{"v":10,"d":"10.0000"},{"$nulls":10},{"v":5500,"d":"5,500.000"}]
[212,{"$nulls":5},"Ксилофон пластиковый",{"$nulls":30},"Штука",{"$nulls":7},{"v":375,"d":"375.00р."},{"$nulls":11},{"v":22,"d":"22.0000"},{"$nulls":10},{"v":8250,"d":"8,250.000"}]
[213,{"$nulls":5},"Куб",{"$nulls":30},"Штука",{"$nulls":7},{"v":500,"d":"500.00р."},{"$nulls":11},{"v":16,"d":"16.0000"},{"$nulls":10},{"v":8000,"d":"8,000.000"}]
[214,{"$nulls":5},"Кубики большие",{"$nulls":30},"Штука",{"$nulls":7},{"v":700,"d":"700.00р."},{"$nulls":11},{"v":16,"d":"16.0000"},{"$nulls":10},{"v":11200,"d":"11,200.000"}]
[215,{"$nulls":5},"Кукла в одежде (20-25см)",{"$nulls":30},"Штука",{"$nulls":7},{"v":450,"d":"450.00р."},{"$nulls":11},{"v":55,"d":"55.0000"},{"$nulls":10},{"v":24750,"d":"24,750.000"}]
[216,{"$nulls":5},"Кукла - младенец в одежде (ПУПС 15*8,5см)",{"$nulls":30},"Штука",{"$nulls":7},{"v":110,"d":"110.00р."},{"$nulls":11},{"v":22,"d":"22.0000"},{"$nulls":10},{"v":2420,"d":"2,420.000"}]
[217,{"$nulls":5},"Кукольный театр 20 кукол",{"$nulls":30},"Штука",{"$nulls":7},{"v":2800,"d":"2,800.00р."},{"$nulls":11},{"v":12,"d":"12.0000"},{"$nulls":10},{"v":33600,"d":"33,600.000"}]
[218,{"$nulls":5},"лавочка детская 1900*250*1400",{"$nulls":30},"Штука",{"$nulls":7},{"v":887.85,"d":"887.85р."},{"$nulls":11},{"v":10,"d":"10.0000"},{"$nulls":10},{"v":8878.5,"d":"8,878.500"}]
[219,{"$nulls":5},"Легковые автомобили",{"$nulls":30},"Штука",{"$nulls":7},{"v":150,"d":"150.00р."},{"$nulls":11},{"v":44,"d":"44.0000"},{"$nulls":10},{"v":6600,"d":"6,600.000"}]
[220,{"$nulls":5},"Лейка детская",{"$nulls":30},"Штука",{"$nulls":7},{"v":100,"d":"100.00р."},{"$nulls":11},{"v":55,"d":"55.0000"},{"$nulls":10},{"v":5500,"d":"5,500.000"}]
[221,{"$nulls":5},"Лейка сц 10л",{"$nulls":30},"Штука",{"$nulls":7},{"v":172.5,"d":"172.50р."},{"$nulls":11},{"v":12,"d":"12.0000"},{"$nulls":10},{"v":2070,"d":"2,070.000"}]
[222,{"$nulls":5},"Лейкопластырь Нетканная основа 2,5см*500см SFM Plaster",{"$nulls":30},"Штука",{"$nulls":7},{"v":11,"d":"11.00р."},{"$nulls":11},{"v":22,"d":"22.0000"},{"$nulls":10},{"v":242,"d":"242.000"}]
[223,{"$nulls":5},"Лепная маса",{"$nulls":30},"Штука",{"$nulls":7},{"v":50,"d":"50.00р."},{"$nulls":11},{"v":20,"d":"20.0000"},{"$nulls":10},{"v":1000,"d":"1,000.000"}]
[224,{"$nulls":5},"Лесница веревочная",{"$nulls":30},"Штука",{"$nulls":7},{"v":1800,"d":"1,800.00р."},{"$nulls":11},{"v":8,"d":"8.0000"},{"$nulls":10},{"v":14400,"d":"14,400.000"}]
[225,{"$nulls":5},"Логический ромб",{"$nulls":30},"Штука",{"$nulls":7},{"v":119.45,"d":"119.45р."},{"$nulls":11},{"v":10,"d":"10.0000"},{"$nulls":10},{"v":1194.5,"d":"1,194.500"}]
[226,{"$nulls":5},"Логопедический альбом №2 смирнова",{"$nulls":30},"Штука",{"$nulls":7},{"v":280,"d":"280.00р."},{"$nulls":11},{"v":8,"d":"8.0000"},{"$nulls":10},{"v":2240,"d":"2,240.000"}]
[227,{"$nulls":5},"Логопедический альбом для обследования звукопроизношения",{"$nulls":30},"Штука",{"$nulls":7},{"v":310,"d":"310.00р."},{"$nulls":11},{"v":8,"d":"8.0000"},{"$nulls":10},{"v":2480,"d":"2,480.000"}]
[228,{"$nulls":5},"Ложка гарнирная с прямым носиком, L36см нерж.сталь",{"$nulls":30},"Штука",{"$nulls":7},{"v":314.1,"d":"314.10р."},{"$nulls":11},{"v":20,"d":"20.0000"},{"$nulls":10},{"v":6282,"d":"6,282.000"}]
[229,{"$nulls":5},"ложка десертная",{"$nulls":30},"Штука",{"$nulls":7},{"v":39.56,"d":"39.56р."},{"$nulls":11},{"v":250,"d":"250.0000"},{"$nulls":10},{"v":9890.68,"d":"9,890.680"}]
[230,{"$nulls":5},"Ложка столовая \"Bistro\" (836 GA)",{"$nulls":30},"Штука",{"$nulls":7},{"v":18.72,"d":"18.72р."},{"$nulls":11},{"v":456,"d":"456.0000"},{"$nulls":10},{"v":8536.32,"d":"8,536.320"}]
[231,{"$nulls":5},"Ложка чайная \"Bistro\" (838 GA)",{"$nulls":30},"Штука",{"$nulls":7},{"v":10.3,"d":"10.30р."},{"$nulls":11},{"v":912,"d":"912.0000"},{"$nulls":10},{"v":9393.6,"d":"9,393.600"}]
[232,{"$nulls":5},"Ложка чайная \"Bistro\" (838 GA)",{"$nulls":30},"Штука",{"$nulls":7},{"v":10.3,"d":"10.30р."},{"$nulls":11},{"v":-912,"d":"-912.0000"},{"$nulls":10},{"v":-9393.6,"d":"-9,393.600"}]
[233,{"$nulls":5},"Лопатка изогнутая 7,1*28см, рабочая поверхность-нерж.сталь,ручка-дерево",{"$nulls":30},"Штука",{"$nulls":7},{"v":2340.5,"d":"2,340.50р."},{"$nulls":11},{"v":50,"d":"50.0000"},{"$nulls":10},{"v":117025,"d":"117,025.000"}]
[234,{"$nulls":5},"Лопатка копальная острок АША штык",{"$nulls":30},"Штука",{"$nulls":7},{"v":134,"d":"134.00р."},{"$nulls":11},{"v":20,"d":"20.0000"},{"$nulls":10},{"v":2680,"d":"2,680.000"}]
[235,{"$nulls":5},"Лопота снеговая с черен",{"$nulls":30},"Штука",{"$nulls":7},{"v":390,"d":"390.00р."},{"$nulls":11},{"v":20,"d":"20.0000"},{"$nulls":10},{"v":7800,"d":"7,800.000"}]
[236,{"$nulls":5},"Лото в ассортименте",{"$nulls":30},"Штука",{"$nulls":7},{"v":195,"d":"195.00р."},{"$nulls":11},{"v":20,"d":"20.0000"},{"$nulls":10},{"v":3900,"d":"3,900.000"}]
[237,{"$nulls":5},"Лоток почкообразный ЛМП 260 (нерж)",{"$nulls":30},"Штука",{"$nulls":7},{"v":115,"d":"115.00р."},{"$nulls":11},{"v":10,"d":"10.0000"},{"$nulls":10},{"v":1150,"d":"1,150.000"}]
[238,{"$nulls":5},"Магнитные шарики",{"$nulls":30},"Штука",{"$nulls":7},{"v":105,"d":"105.00р."},{"$nulls":11},{"v":20,"d":"20.0000"},{"$nulls":10},{"v":2100,"d":"2,100.000"}]
[239,{"$nulls":5},"Маракас малый Д208",{"$nulls":30},"Штука",{"$nulls":7},{"v":110,"d":"110.00р."},{"$nulls":11},{"v":14,"d":"14.0000"},{"$nulls":10},{"v":1540,"d":"1,540.000"}]
[240,{"$nulls":5},"Массажер для тела Колибри",{"$nulls":30},"Штука",{"$nulls":7},{"v":2300,"d":"2,300.00р."},{"$nulls":11},{"v":12,"d":"12.0000"},{"$nulls":10},{"v":27600,"d":"27,600.000"}]
[241,{"$nulls":5},"Массажный валик 17см",{"$nulls":30},"Штука",{"$nulls":7},{"v":350,"d":"350.00р."},{"$nulls":11},{"v":8,"d":"8.0000"},{"$nulls":10},{"v":2800,"d":"2,800.000"}]
[242,{"$nulls":5},"Массажный диск",{"$nulls":30},"Штука",{"$nulls":7},{"v":650,"d":"650.00р."},{"$nulls":11},{"v":22,"d":"22.0000"},{"$nulls":10},{"v":14300,"d":"14,300.000"}]
[243,{"$nulls":5},"Матрац 65*140",{"$nulls":30},"Штука",{"$nulls":7},{"v":645,"d":"645.00р."},{"$nulls":11},{"v":265,"d":"265.0000"},{"$nulls":10},{"v":170925,"d":"170,925.000"}]
[244,{"$nulls":5},"Матрешка 7 элементов/дерево",{"$nulls":30},"Штука",{"$nulls":7},{"v":730,"d":"730.00р."},{"$nulls":11},{"v":6,"d":"6.0000"},{"$nulls":10},{"v":4380,"d":"4,380.000"}]
[245,{"$nulls":5},"медикаменты",{"$nulls":30},"Штука",{"$nulls":7},{"v":21.99,"d":"21.99р."},{"$nulls":11},{"v":2274,"d":"2274.0000"},{"$nulls":10},{"v":50000,"d":"50,000.000"}]
[246,{"$nulls":5},"Металлофон 10нот М10",{"$nulls":30},"Штука",{"$nulls":7},{"v":150,"d":"150.00р."},{"$nulls":11},{"v":13,"d":"13.0000"},{"$nulls":10},{"v":1950,"d":"1,950.000"}]
[247,{"$nulls":5},"Металлофон пластиковый",{"$nulls":30},"Штука",{"$nulls":7},{"v":500,"d":"500.00р."},{"$nulls":11},{"v":22,"d":"22.0000"},{"$nulls":10},{"v":11000,"d":"11,000.000"}]
[248,{"$nulls":5},"Метла п/п круг. с черенком",{"$nulls":30},"Штука",{"$nulls":7},{"v":172.5,"d":"172.50р."},{"$nulls":11},{"v":20,"d":"20.0000"},{"$nulls":10},{"v":3450,"d":"3,450.000"}]
[249,{"$nulls":5},"мешки мусорные 30л/30шт",{"$nulls":30},"Штука",{"$nulls":7},{"v":35.8,"d":"35.80р."},{"$nulls":11},{"v":120,"d":"120.0000"},{"$nulls":10},{"v":4296,"d":"4,296.000"}]
[250,{"$nulls":5},"мешок п/п цветной без вкладыша",{"$nulls":30},"Штука",{"$nulls":7},{"v":8.05,"d":"8.05р."},{"$nulls":11},{"v":70,"d":"70.0000"},{"$nulls":10},{"v":563.5,"d":"563.500"}]
[251,{"$nulls":5},"Мешочек для метания 100гр.",{"$nulls":30},"Штука",{"$nulls":7},{"v":345,"d":"345.00р."},{"$nulls":11},{"v":22,"d":"22.0000"},{"$nulls":10},{"v":7590,"d":"7,590.000"}]
[252,{"$nulls":5},"Мешочек с песком 200гр",{"$nulls":30},"Штука",{"$nulls":7},{"v":80,"d":"80.00р."},{"$nulls":11},{"v":60,"d":"60.0000"},{"$nulls":10},{"v":4800,"d":"4,800.000"}]
[253,{"$nulls":5},"Мешочек с песком 250гр",{"$nulls":30},"Штука",{"$nulls":7},{"v":80,"d":"80.00р."},{"$nulls":11},{"v":60,"d":"60.0000"},{"$nulls":10},{"v":4800,"d":"4,800.000"}]
[254,{"$nulls":5},"Миска 4,75л d 29 см нерж.сталь",{"$nulls":30},"Штука",{"$nulls":7},{"v":204.09,"d":"204.09р."},{"$nulls":11},{"v":45,"d":"45.0000"},{"$nulls":10},{"v":9184.05,"d":"9,184.050"}]
[255,{"$nulls":5},"Мозайка в ассортименте",{"$nulls":30},"Штука",{"$nulls":7},{"v":150,"d":"150.00р."},{"$nulls":11},{"v":20,"d":"20.0000"},{"$nulls":10},{"v":3000,"d":"3,000.000"}]
[256,{"$nulls":5},"Мозайка со штырьками и плоскими элементами 4 цвета",{"$nulls":30},"Штука",{"$nulls":7},{"v":100,"d":"100.00р."},{"$nulls":11},{"v":22,"d":"22.0000"},{"$nulls":10},{"v":2200,"d":"2,200.000"}]
[257,{"$nulls":5},"Мозайка со штырьками и плоскими элементами 8 цветов",{"$nulls":30},"Штука",{"$nulls":7},{"v":120,"d":"120.00р."},{"$nulls":11},{"v":11,"d":"11.0000"},{"$nulls":10},{"v":1320,"d":"1,320.000"}]
[258,{"$nulls":5},"Мольберт Игровой Дэми с буквами и цифрами",{"$nulls":30},"Штука",{"$nulls":7},{"v":2600,"d":"2,600.00р."},{"$nulls":11},{"v":11,"d":"11.0000"},{"$nulls":10},{"v":28600,"d":"28,600.000"}]
[259,{"$nulls":5},"Мольберт стандартный",{"$nulls":30},"Штука",{"$nulls":7},{"v":1000,"d":"1,000.00р."},{"$nulls":11},{"v":14,"d":"14.0000"},{"$nulls":10},{"v":14000,"d":"14,000.000"}]
[260,{"$nulls":5},"Музыкальные колокольчики",{"$nulls":30},"Штука",{"$nulls":7},{"v":150,"d":"150.00р."},{"$nulls":11},{"v":11,"d":"11.0000"},{"$nulls":10},{"v":1650,"d":"1,650.000"}]
[261,{"$nulls":5},"Музыкальный набор №1 Д093",{"$nulls":30},"Штука",{"$nulls":7},{"v":700,"d":"700.00р."},{"$nulls":11},{"v":15,"d":"15.0000"},{"$nulls":10},{"v":10500,"d":"10,500.000"}]
[262,{"$nulls":5},"Мусорные ведра в туалеты",{"$nulls":30},"Штука",{"$nulls":7},{"v":155,"d":"155.00р."},{"$nulls":11},{"v":10,"d":"10.0000"},{"$nulls":10},{"v":1550,"d":"1,550.000"}]
[263,{"$nulls":5},"(М) Шапочка поварская,50% хлопок 50%полиэстер,белая",{"$nulls":30},"Штука",{"$nulls":7},{"v":272.9,"d":"272.90р."},{"$nulls":11},{"v":15,"d":"15.0000"},{"$nulls":10},{"v":4093.5,"d":"4,093.500"}]
[264,{"$nulls":5},"мыло детское",{"$nulls":30},"Штука",{"$nulls":7},{"v":15.2,"d":"15.20р."},{"$nulls":11},{"v":280,"d":"280.0000"},{"$nulls":10},{"v":4256,"d":"4,256.000"}]
[265,{"$nulls":5},"мыло жидкое (5л)",{"$nulls":30},"Штука",{"$nulls":7},{"v":315,"d":"315.00р."},{"$nulls":11},{"v":10,"d":"10.0000"},{"$nulls":10},{"v":3150,"d":"3,150.000"}]
[266,{"$nulls":5},"мыло хозяйственное",{"$nulls":30},"Штука",{"$nulls":7},{"v":11.91,"d":"11.91р."},{"$nulls":11},{"v":96,"d":"96.0000"},{"$nulls":10},{"v":1143,"d":"1,143.000"}]
[267,{"$nulls":5},"Мыльница настенный",{"$nulls":30},"Штука",{"$nulls":7},{"v":34.5,"d":"34.50р."},{"$nulls":11},{"v":60,"d":"60.0000"},{"$nulls":10},{"v":2070,"d":"2,070.000"}]
[268,{"$nulls":5},"Мягкая игрушка большая",{"$nulls":30},"Штука",{"$nulls":7},{"v":800,"d":"800.00р."},{"$nulls":11},{"v":20,"d":"20.0000"},{"$nulls":10},{"v":16000,"d":"16,000.000"}]
[269,{"$nulls":5},"Мяч баскетбольный №3",{"$nulls":30},"Штука",{"$nulls":7},{"v":280,"d":"280.00р."},{"$nulls":11},{"v":20,"d":"20.0000"},{"$nulls":10},{"v":5600,"d":"5,600.000"}]
[270,{"$nulls":5},"Мяч большой резина 20см",{"$nulls":30},"Штука",{"$nulls":7},{"v":260,"d":"260.00р."},{"$nulls":11},{"v":80,"d":"80.0000"},{"$nulls":10},{"v":20800,"d":"20,800.000"}]
[271,{"$nulls":5},"Мяч гимнастический 45см",{"$nulls":30},"Штука",{"$nulls":7},{"v":640,"d":"640.00р."},{"$nulls":11},{"v":40,"d":"40.0000"},{"$nulls":10},{"v":25600,"d":"25,600.000"}]
[272,{"$nulls":5},"Мяч для игры в помещении со шнуром диам.17см",{"$nulls":30},"Штука",{"$nulls":7},{"v":403,"d":"403.00р."},{"$nulls":11},{"v":33,"d":"33.0000"},{"$nulls":10},{"v":13299,"d":"13,299.000"}]
[273,{"$nulls":5},"Мяч малый резина 6см",{"$nulls":30},"Штука",{"$nulls":7},{"v":104,"d":"104.00р."},{"$nulls":11},{"v":60,"d":"60.0000"},{"$nulls":10},{"v":6240,"d":"6,240.000"}]
[274,{"$nulls":5},"Мяч массажный 6см",{"$nulls":30},"Штука",{"$nulls":7},{"v":130,"d":"130.00р."},{"$nulls":11},{"v":50,"d":"50.0000"},{"$nulls":10},{"v":6500,"d":"6,500.000"}]
[275,{"$nulls":5},"Мяч массажный большой Д 65",{"$nulls":30},"Штука",{"$nulls":7},{"v":600,"d":"600.00р."},{"$nulls":11},{"v":11,"d":"11.0000"},{"$nulls":10},{"v":6600,"d":"6,600.000"}]
[276,{"$nulls":5},"Мяч - прыгун 65см с рожками",{"$nulls":30},"Штука",{"$nulls":7},{"v":770,"d":"770.00р."},{"$nulls":11},{"v":24,"d":"24.0000"},{"$nulls":10},{"v":18480,"d":"18,480.000"}]
[277,{"$nulls":5},"Мяч резиновые комплект (6,10,15см)",{"$nulls":30},"Штука",{"$nulls":7},{"v":450,"d":"450.00р."},{"$nulls":11},{"v":22,"d":"22.0000"},{"$nulls":10},{"v":9900,"d":"9,900.000"}]
[278,{"$nulls":5},"Мяч средний 12см резина",{"$nulls":30},"Штука",{"$nulls":7},{"v":180,"d":"180.00р."},{"$nulls":11},{"v":60,"d":"60.0000"},{"$nulls":10},{"v":10800,"d":"10,800.000"}]
[279,{"$nulls":5},"Мяч футбол",{"$nulls":30},"Штука",{"$nulls":7},{"v":500,"d":"500.00р."},{"$nulls":11},{"v":11,"d":"11.0000"},{"$nulls":10},{"v":5500,"d":"5,500.000"}]
[280,{"$nulls":5},"Набор 2-х цветных кубиков с широкой полосой",{"$nulls":30},"Штука",{"$nulls":7},{"v":200,"d":"200.00р."},{"$nulls":11},{"v":22,"d":"22.0000"},{"$nulls":10},{"v":4400,"d":"4,400.000"}]
[281,{"$nulls":5},"Набор для игры Парикмахерская 10 элементов",{"$nulls":30},"Штука",{"$nulls":7},{"v":200,"d":"200.00р."},{"$nulls":11},{"v":11,"d":"11.0000"},{"$nulls":10},{"v":2200,"d":"2,200.000"}]
[282,{"$nulls":5},"Набор доктора на тележке (большой)",{"$nulls":30},"Штука",{"$nulls":7},{"v":2900,"d":"2,900.00р."},{"$nulls":11},{"v":11,"d":"11.0000"},{"$nulls":10},{"v":31900,"d":"31,900.000"}]
[283,{"$nulls":5},"Набор доктор на тележке",{"$nulls":30},"Штука",{"$nulls":7},{"v":2830,"d":"2,830.00р."},{"$nulls":11},{"v":12,"d":"12.0000"},{"$nulls":10},{"v":33960,"d":"33,960.000"}]
[284,{"$nulls":5},"Набор знаков дорожного движения",{"$nulls":30},"Штука",{"$nulls":7},{"v":100,"d":"100.00р."},{"$nulls":11},{"v":11,"d":"11.0000"},{"$nulls":10},{"v":1100,"d":"1,100.000"}]
[285,{"$nulls":5},"Набор игрушек для игры с песком и водой",{"$nulls":30},"Штука",{"$nulls":7},{"v":150,"d":"150.00р."},{"$nulls":11},{"v":55,"d":"55.0000"},{"$nulls":10},{"v":8250,"d":"8,250.000"}]
[286,{"$nulls":5},"Набор игрушечной мебели",{"$nulls":30},"Штука",{"$nulls":7},{"v":1500,"d":"1,500.00р."},{"$nulls":11},{"v":20,"d":"20.0000"},{"$nulls":10},{"v":30000,"d":"30,000.000"}]
[287,{"$nulls":5},"Набор из 12 ти домашних животных",{"$nulls":30},"Штука",{"$nulls":7},{"v":263.5,"d":"263.50р."},{"$nulls":11},{"v":48,"d":"48.0000"},{"$nulls":10},{"v":12648,"d":"12,648.000"}]
[288,{"$nulls":5},"Набор инструментов парикмахера",{"$nulls":30},"Штука",{"$nulls":7},{"v":150,"d":"150.00р."},{"$nulls":11},{"v":11,"d":"11.0000"},{"$nulls":10},{"v":1650,"d":"1,650.000"}]
[289,{"$nulls":5},"Набор кубиков 6 элементов",{"$nulls":30},"Штука",{"$nulls":7},{"v":85,"d":"85.00р."},{"$nulls":11},{"v":44,"d":"44.0000"},{"$nulls":10},{"v":3740,"d":"3,740.000"}]
[290,{"$nulls":5},"Набор кубиков различных цветов",{"$nulls":30},"Штука",{"$nulls":7},{"v":100,"d":"100.00р."},{"$nulls":11},{"v":22,"d":"22.0000"},{"$nulls":10},{"v":2200,"d":"2,200.000"}]
[291,{"$nulls":5},"набор кухня",{"$nulls":30},"Штука",{"$nulls":7},{"v":1000,"d":"1,000.00р."},{"$nulls":11},{"v":11,"d":"11.0000"},{"$nulls":10},{"v":11000,"d":"11,000.000"}]
[292,{"$nulls":5},"Набор медицинских принадлежностей",{"$nulls":30},"Штука",{"$nulls":7},{"v":120,"d":"120.00р."},{"$nulls":11},{"v":11,"d":"11.0000"},{"$nulls":10},{"v":1320,"d":"1,320.000"}]
[293,{"$nulls":5},"Набор овощей в сетке",{"$nulls":30},"Штука",{"$nulls":7},{"v":50,"d":"50.00р."},{"$nulls":11},{"v":22,"d":"22.0000"},{"$nulls":10},{"v":1100,"d":"1,100.000"}]
[294,{"$nulls":5},"Набор продуктов в сумочке",{"$nulls":30},"Штука",{"$nulls":7},{"v":150,"d":"150.00р."},{"$nulls":11},{"v":11,"d":"11.0000"},{"$nulls":10},{"v":1650,"d":"1,650.000"}]
[295,{"$nulls":5},"Набор разрезных хлебопродуктов",{"$nulls":30},"Штука",{"$nulls":7},{"v":120,"d":"120.00р."},{"$nulls":11},{"v":11,"d":"11.0000"},{"$nulls":10},{"v":1320,"d":"1,320.000"}]
[296,{"$nulls":5},"Набор фигурок домашних животных",{"$nulls":30},"Штука",{"$nulls":7},{"v":180,"d":"180.00р."},{"$nulls":11},{"v":11,"d":"11.0000"},{"$nulls":10},{"v":1980,"d":"1,980.000"}]
[297,{"$nulls":5},"Набор фигурок животных Африки",{"$nulls":30},"Штука",{"$nulls":7},{"v":180,"d":"180.00р."},{"$nulls":11},{"v":11,"d":"11.0000"},{"$nulls":10},{"v":1980,"d":"1,980.000"}]
[298,{"$nulls":5},"Набор фигурок животных леса",{"$nulls":30},"Штука",{"$nulls":7},{"v":180,"d":"180.00р."},{"$nulls":11},{"v":11,"d":"11.0000"},{"$nulls":10},{"v":1980,"d":"1,980.000"}]
[299,{"$nulls":5},"Набор фигурок людей",{"$nulls":30},"Штука",{"$nulls":7},{"v":180,"d":"180.00р."},{"$nulls":11},{"v":11,"d":"11.0000"},{"$nulls":10},{"v":1980,"d":"1,980.000"}]
[300,{"$nulls":5},"Набор фруктов в сетке",{"$nulls":30},"Штука",{"$nulls":7},{"v":50,"d":"50.00р."},{"$nulls":11},{"v":22,"d":"22.0000"},{"$nulls":10},{"v":1100,"d":"1,100.000"}]
[301,{"$nulls":5},"Набор цветных счетных палочек Кюизенера",{"$nulls":30},"Штука",{"$nulls":7},{"v":500,"d":"500.00р."},{"$nulls":11},{"v":22,"d":"22.0000"},{"$nulls":10},{"v":11000,"d":"11,000.000"}]
[302,{"$nulls":5},"Набор центр красоты",{"$nulls":30},"Штука",{"$nulls":7},{"v":700,"d":"700.00р."},{"$nulls":11},{"v":11,"d":"11.0000"},{"$nulls":10},{"v":7700,"d":"7,700.000"}]
[303,{"$nulls":5},"Наволочка 60*60 бязь 120гр/рустекс/",{"$nulls":30},"Штука",{"$nulls":7},{"v":93,"d":"93.00р."},{"$nulls":11},{"v":660,"d":"660.0000"},{"$nulls":10},{"v":61380,"d":"61,380.000"}]
[304,{"$nulls":5},"Наматрасник 65*140 тик",{"$nulls":30},"Штука",{"$nulls":7},{"v":350,"d":"350.00р."},{"$nulls":11},{"v":450,"d":"450.0000"},{"$nulls":10},{"v":157500,"d":"157,500.000"}]
[305,{"$nulls":5},"Напольная пирамида 90см из 18 элементов",{"$nulls":30},"Штука",{"$nulls":7},{"v":1200,"d":"1,200.00р."},{"$nulls":11},{"v":11,"d":"11.0000"},{"$nulls":10},{"v":13200,"d":"13,200.000"}]
[306,{"$nulls":5},"насадка для пола",{"$nulls":30},"Штука",{"$nulls":7},{"v":105.1,"d":"105.10р."},{"$nulls":11},{"v":25,"d":"25.0000"},{"$nulls":10},{"v":2627.5,"d":"2,627.500"}]
[307,{"$nulls":5},"Ника 2 (5л)",{"$nulls":30},"Штука",{"$nulls":7},{"v":542.89,"d":"542.89р."},{"$nulls":11},{"v":6,"d":"6.0000"},{"$nulls":10},{"v":3257.35,"d":"3,257.350"}]
[308,{"$nulls":5},"Ника-Офис (0,37кг)",{"$nulls":30},"Штука",{"$nulls":7},{"v":65.85,"d":"65.85р."},{"$nulls":11},{"v":10,"d":"10.0000"},{"$nulls":10},{"v":658.5,"d":"658.500"}]
[309,{"$nulls":5},"Ника супер + (5л) концентр-е средство для мытья посуды",{"$nulls":30},"Штука",{"$nulls":7},{"v":464.35,"d":"464.35р."},{"$nulls":11},{"v":30,"d":"30.0000"},{"$nulls":10},{"v":13930.5,"d":"13,930.500"}]
[310,{"$nulls":5},"Ника-Супер Плюс 5кг. концентрир.средство для мытья посуды",{"$nulls":30},"Штука",{"$nulls":7},{"v":425,"d":"425.00р."},{"$nulls":11},{"v":25,"d":"25.0000"},{"$nulls":10},{"v":10625,"d":"10,625.000"}]
[311,{"$nulls":5},"Ника-универсал (1л)",{"$nulls":30},"Штука",{"$nulls":7},{"v":69.3,"d":"69.30р."},{"$nulls":11},{"v":10,"d":"10.0000"},{"$nulls":10},{"v":693,"d":"693.000"}]
[312,{"$nulls":5},"Нож поварская 30см",{"$nulls":30},"Штука",{"$nulls":7},{"v":1593.41,"d":"1,593.41р."},{"$nulls":11},{"v":20,"d":"20.0000"},{"$nulls":10},{"v":31868.2,"d":"31,868.200"}]
[313,{"$nulls":5},"Нож поварской 15см",{"$nulls":30},"Штука",{"$nulls":7},{"v":671.72,"d":"671.72р."},{"$nulls":11},{"v":20,"d":"20.0000"},{"$nulls":10},{"v":13434.4,"d":"13,434.400"}]
[314,{"$nulls":5},"Нож поварской 17см",{"$nulls":30},"Штука",{"$nulls":7},{"v":759.73,"d":"759.73р."},{"$nulls":11},{"v":20,"d":"20.0000"},{"$nulls":10},{"v":15194.6,"d":"15,194.600"}]
[315,{"$nulls":5},"Нож поварской 20см",{"$nulls":30},"Штука",{"$nulls":7},{"v":930.58,"d":"930.58р."},{"$nulls":11},{"v":20,"d":"20.0000"},{"$nulls":10},{"v":18611.6,"d":"18,611.600"}]
[316,{"$nulls":5},"Нож поварской 25см",{"$nulls":30},"Штука",{"$nulls":7},{"v":1276.04,"d":"1,276.04р."},{"$nulls":11},{"v":20,"d":"20.0000"},{"$nulls":10},{"v":25520.8,"d":"25,520.800"}]
[317,{"$nulls":5},"Нож столовая \"Bistro\" (831 GA)",{"$nulls":30},"Штука",{"$nulls":7},{"v":39.32,"d":"39.32р."},{"$nulls":11},{"v":48,"d":"48.0000"},{"$nulls":10},{"v":1887.36,"d":"1,887.360"}]
[318,{"$nulls":5},"Обруч большой (80см)",{"$nulls":30},"Штука",{"$nulls":7},{"v":160,"d":"160.00р."},{"$nulls":11},{"v":60,"d":"60.0000"},{"$nulls":10},{"v":9600,"d":"9,600.000"}]
[319,{"$nulls":5},"Обруч малый (60см)",{"$nulls":30},"Штука",{"$nulls":7},{"v":104,"d":"104.00р."},{"$nulls":11},{"v":30,"d":"30.0000"},{"$nulls":10},{"v":3120,"d":"3,120.000"}]
[320,{"$nulls":5},"Обруч металический",{"$nulls":30},"Штука",{"$nulls":7},{"v":190,"d":"190.00р."},{"$nulls":11},{"v":55,"d":"55.0000"},{"$nulls":10},{"v":10450,"d":"10,450.000"}]
[321,{"$nulls":5},"Огнетушитель ОП-4 (з)",{"$nulls":30},"Штука",{"$nulls":7},{"v":420,"d":"420.00р."},{"$nulls":11},{"v":65,"d":"65.0000"},{"$nulls":10},{"v":27300,"d":"27,300.000"}]
[322,{"$nulls":5},"Огнетушитель порошковый 5л ОП-5",{"$nulls":30},"Штука",{"$nulls":7},{"v":730,"d":"730.00р."},{"$nulls":11},{"v":24,"d":"24.0000"},{"$nulls":10},{"v":17520,"d":"17,520.000"}]
[323,{"$nulls":5},"Одеало байковое 100*140 Украина жаккард",{"$nulls":30},"Штука",{"$nulls":7},{"v":600,"d":"600.00р."},{"$nulls":11},{"v":265,"d":"265.0000"},{"$nulls":10},{"v":159000,"d":"159,000.000"}]
[324,{"$nulls":5},"Одеало п/ш детское 70% плотность 550гр 100*140",{"$nulls":30},"Штука",{"$nulls":7},{"v":450,"d":"450.00р."},{"$nulls":11},{"v":265,"d":"265.0000"},{"$nulls":10},{"v":119250,"d":"119,250.000"}]
[325,{"$nulls":5},"отбеливатель Босс-плюс",{"$nulls":30},"Штука",{"$nulls":7},{"v":123.9,"d":"123.90р."},{"$nulls":11},{"v":10,"d":"10.0000"},{"$nulls":10},{"v":1239,"d":"1,239.000"}]
[326,{"$nulls":5},"Пазлы/дерево",{"$nulls":30},"Штука",{"$nulls":7},{"v":250,"d":"250.00р."},{"$nulls":11},{"v":12,"d":"12.0000"},{"$nulls":10},{"v":3000,"d":"3,000.000"}]
[327,{"$nulls":5},"Пазлы деревянные 15 элементов",{"$nulls":30},"Штука",{"$nulls":7},{"v":80,"d":"80.00р."},{"$nulls":11},{"v":30,"d":"30.0000"},{"$nulls":10},{"v":2400,"d":"2,400.000"}]
[328,{"$nulls":5},"Пазлы/картон",{"$nulls":30},"Штука",{"$nulls":7},{"v":100,"d":"100.00р."},{"$nulls":11},{"v":18,"d":"18.0000"},{"$nulls":10},{"v":1800,"d":"1,800.000"}]
[329,{"$nulls":5},"Палка гимнастическая 75см дерево",{"$nulls":30},"Штука",{"$nulls":7},{"v":117,"d":"117.00р."},{"$nulls":11},{"v":30,"d":"30.0000"},{"$nulls":10},{"v":3510,"d":"3,510.000"}]
[330,{"$nulls":5},"Палка гимнастическая пластик 1,0м",{"$nulls":30},"Штука",{"$nulls":7},{"v":90,"d":"90.00р."},{"$nulls":11},{"v":55,"d":"55.0000"},{"$nulls":10},{"v":4950,"d":"4,950.000"}]
[331,{"$nulls":5},"Панель \"Солнышко\"",{"$nulls":30},"Штука",{"$nulls":7},{"v":190,"d":"190.00р."},{"$nulls":11},{"v":20,"d":"20.0000"},{"$nulls":10},{"v":3800,"d":"3,800.000"}]
[332,{"$nulls":5},"Пемолюкс",{"$nulls":30},"Штука",{"$nulls":7},{"v":69.2,"d":"69.20р."},{"$nulls":11},{"v":96,"d":"96.0000"},{"$nulls":10},{"v":6643.2,"d":"6,643.200"}]
[333,{"$nulls":5},"перчатки с напылением",{"$nulls":30},"Пара (2 шт.)",{"$nulls":7},{"v":57.2,"d":"57.20р."},{"$nulls":11},{"v":30,"d":"30.0000"},{"$nulls":10},{"v":1716,"d":"1,716.000"}]
[334,{"$nulls":5},"Пирамида (дерево)",{"$nulls":30},"Штука",{"$nulls":7},{"v":350,"d":"350.00р."},{"$nulls":11},{"v":11,"d":"11.0000"},{"$nulls":10},{"v":3850,"d":"3,850.000"}]
[335,{"$nulls":5},"Пирамида пластик 13см",{"$nulls":30},"Штука",{"$nulls":7},{"v":60,"d":"60.00р."},{"$nulls":11},{"v":11,"d":"11.0000"},{"$nulls":10},{"v":660,"d":"660.000"}]
[336,{"$nulls":5},"Пирамида пластик 21см",{"$nulls":30},"Штука",{"$nulls":7},{"v":80,"d":"80.00р."},{"$nulls":11},{"v":11,"d":"11.0000"},{"$nulls":10},{"v":880,"d":"880.000"}]
[337,{"$nulls":5},"Пирамидка деревянная с квадратными и прямоуголными элементами",{"$nulls":30},"Штука",{"$nulls":7},{"v":450,"d":"450.00р."},{"$nulls":11},{"v":11,"d":"11.0000"},{"$nulls":10},{"v":4950,"d":"4,950.000"}]
[338,{"$nulls":5},"Поднос 53*33см бежевая пластиковый",{"$nulls":30},"Штука",{"$nulls":7},{"v":195.67,"d":"195.67р."},{"$nulls":11},{"v":45,"d":"45.0000"},{"$nulls":10},{"v":8805.15,"d":"8,805.150"}]
[339,{"$nulls":5},"Поднос для раздаточных материалов",{"$nulls":30},"Штука",{"$nulls":7},{"v":120,"d":"120.00р."},{"$nulls":11},{"v":220,"d":"220.0000"},{"$nulls":10},{"v":26400,"d":"26,400.000"}]
[340,{"$nulls":5},"Пододеялник детский бязь Гост",{"$nulls":30},"Штука",{"$nulls":7},{"v":250,"d":"250.00р."},{"$nulls":11},{"v":660,"d":"660.0000"},{"$nulls":10},{"v":165000,"d":"165,000.000"}]
[341,{"$nulls":5},"Подставка для 6 кухонных досок,нерж.Сталь",{"$nulls":30},"Штука",{"$nulls":7},{"v":944.16,"d":"944.16р."},{"$nulls":11},{"v":3,"d":"3.0000"},{"$nulls":10},{"v":2832.48,"d":"2,832.480"}]
[342,{"$nulls":5},"Подставка для котлов 400*450*500мм",{"$nulls":30},"Штука",{"$nulls":7},{"v":2900,"d":"2,900.00р."},{"$nulls":11},{"v":4,"d":"4.0000"},{"$nulls":10},{"v":11600,"d":"11,600.000"}]
[343,{"$nulls":5},"Подставка под оборудование 400*400*600",{"$nulls":30},"Штука",{"$nulls":7},{"v":2393.04,"d":"2,393.04р."},{"$nulls":11},{"v":1,"d":"1.0000"},{"$nulls":10},{"v":2393.04,"d":"2,393.040"}]
[344,{"$nulls":5},"Подставка под поделки 600*300*340",{"$nulls":30},"Штука",{"$nulls":7},{"v":1345,"d":"1,345.00р."},{"$nulls":11},{"v":22,"d":"22.0000"},{"$nulls":10},{"v":29590,"d":"29,590.000"}]
[345,{"$nulls":5},"Подушка 60*60 холофайбер",{"$nulls":30},"Штука",{"$nulls":7},{"v":285,"d":"285.00р."},{"$nulls":11},{"v":265,"d":"265.0000"},{"$nulls":10},{"v":75525,"d":"75,525.000"}]
[346,{"$nulls":5},"Покрывала детские 1,46*1,25",{"$nulls":30},"Штука",{"$nulls":7},{"v":380,"d":"380.00р."},{"$nulls":11},{"v":222,"d":"222.0000"},{"$nulls":10},{"v":84360,"d":"84,360.000"}]
[347,{"$nulls":5},"покрывало детское",{"$nulls":30},"Штука",{"$nulls":7},{"v":220,"d":"220.00р."},{"$nulls":11},{"v":250,"d":"250.0000"},{"$nulls":10},{"v":55000,"d":"55,000.000"}]
[348,{"$nulls":5},"Покрывало детское 110*150 Тексторг",{"$nulls":30},"Штука",{"$nulls":7},{"v":660,"d":"660.00р."},{"$nulls":11},{"v":265,"d":"265.0000"},{"$nulls":10},{"v":174900,"d":"174,900.000"}]
[349,{"$nulls":5},"Полка пнкп 600*300нж.перф./косынка",{"$nulls":30},"Штука",{"$nulls":7},{"v":2326.96,"d":"2,326.96р."},{"$nulls":11},{"v":11,"d":"11.0000"},{"$nulls":10},{"v":25596.56,"d":"25,596.560"}]
[350,{"$nulls":5},"Половник 250мл d 10см нерж.сталь",{"$nulls":30},"Штука",{"$nulls":7},{"v":212.52,"d":"212.52р."},{"$nulls":11},{"v":42,"d":"42.0000"},{"$nulls":10},{"v":8925.84,"d":"8,925.840"}]
[351,{"$nulls":5},"Полотенце кух.льняное",{"$nulls":30},"Штука",{"$nulls":7},{"v":75,"d":"75.00р."},{"$nulls":11},{"v":60,"d":"60.0000"},{"$nulls":10},{"v":4500,"d":"4,500.000"}]
[352,{"$nulls":5},"Полотенце махровое г/к 35*75 плотность 480гр",{"$nulls":30},"Штука",{"$nulls":7},{"v":90,"d":"90.00р."},{"$nulls":11},{"v":800,"d":"800.0000"},{"$nulls":10},{"v":72000,"d":"72,000.000"}]
[353,{"$nulls":5},"Полотенце махровое для ног плотность 480гр",{"$nulls":30},"Штука",{"$nulls":7},{"v":90,"d":"90.00р."},{"$nulls":11},{"v":800,"d":"800.0000"},{"$nulls":10},{"v":72000,"d":"72,000.000"}]
[354,{"$nulls":5},"порошок стиральный Лотос автомат 20кг",{"$nulls":30},"Упаковка",{"$nulls":7},{"v":1625.7,"d":"1,625.70р."},{"$nulls":11},{"v":10,"d":"10.0000"},{"$nulls":10},{"v":16257,"d":"16,257.000"}]
[355,{"$nulls":5},"Пособие.Сложи квадрат 1кат.Эконом",{"$nulls":30},"Штука",{"$nulls":7},{"v":215,"d":"215.00р."},{"$nulls":11},{"v":8,"d":"8.0000"},{"$nulls":10},{"v":1720,"d":"1,720.000"}]
[356,{"$nulls":5},"Пособие.Сложи квадрат 2кат.Эконом",{"$nulls":30},"Штука",{"$nulls":7},{"v":240,"d":"240.00р."},{"$nulls":11},{"v":8,"d":"8.0000"},{"$nulls":10},{"v":1920,"d":"1,920.000"}]
[357,{"$nulls":5},"Посуда детская (для кухни)",{"$nulls":30},"Штука",{"$nulls":7},{"v":150,"d":"150.00р."},{"$nulls":11},{"v":12,"d":"12.0000"},{"$nulls":10},{"v":1800,"d":"1,800.000"}]
[358,{"$nulls":5},"Посуда дет.(столовая)",{"$nulls":30},"Штука",{"$nulls":7},{"v":150,"d":"150.00р."},{"$nulls":11},{"v":12,"d":"12.0000"},{"$nulls":10},{"v":1800,"d":"1,800.000"}]
[359,{"$nulls":5},"Посуда дет.(чайная)",{"$nulls":30},"Штука",{"$nulls":7},{"v":150,"d":"150.00р."},{"$nulls":11},{"v":12,"d":"12.0000"},{"$nulls":10},{"v":1800,"d":"1,800.000"}]
[360,{"$nulls":5},"Проектор Optoma ЕХ632",{"$nulls":30},"Штука",{"$nulls":7},{"v":7559.41,"d":"7,559.41р."},{"$nulls":11},{"v":4,"d":"4.0000"},{"$nulls":10},{"v":30237.63,"d":"30,237.630"}]
[361,{"$nulls":5},"Простыня детская бязь Гост",{"$nulls":30},"Штука",{"$nulls":7},{"v":100,"d":"100.00р."},{"$nulls":11},{"v":800,"d":"800.0000"},{"$nulls":10},{"v":80000,"d":"80,000.000"}]
[362,{"$nulls":5},"Противень с плогим бортом 60*40си h0,8см,черная сталь",{"$nulls":30},"Штука",{"$nulls":7},{"v":392.74,"d":"392.74р."},{"$nulls":11},{"v":4,"d":"4.0000"},{"$nulls":10},{"v":1570.96,"d":"1,570.960"}]
[363,{"$nulls":5},"Пузырь для льда №2",{"$nulls":30},"Штука",{"$nulls":7},{"v":135,"d":"135.00р."},{"$nulls":11},{"v":2,"d":"2.0000"},{"$nulls":10},{"v":270,"d":"270.000"}]
[364,{"$nulls":5},"Разрезные кубики и картинки",{"$nulls":30},"Штука",{"$nulls":7},{"v":60,"d":"60.00р."},{"$nulls":11},{"v":20,"d":"20.0000"},{"$nulls":10},{"v":1200,"d":"1,200.000"}]
[365,{"$nulls":5},"Рамка вкладыш",{"$nulls":30},"Штука",{"$nulls":7},{"v":120,"d":"120.00р."},{"$nulls":11},{"v":20,"d":"20.0000"},{"$nulls":10},{"v":2400,"d":"2,400.000"}]
[366,{"$nulls":5},"Ростомер РМ со стульчиком",{"$nulls":30},"Штука",{"$nulls":7},{"v":1530,"d":"1,530.00р."},{"$nulls":11},{"v":1,"d":"1.0000"},{"$nulls":10},{"v":1530,"d":"1,530.000"}]
[367,{"$nulls":5},"салфетка для сухой и влажной уборки (3шт/уп) \"Золушка Блеск\"",{"$nulls":30},"Штука",{"$nulls":7},{"v":39,"d":"39.00р."},{"$nulls":11},{"v":50,"d":"50.0000"},{"$nulls":10},{"v":1950,"d":"1,950.000"}]
[368,{"$nulls":5},"Салфетка махровая плотность 480гр.",{"$nulls":30},"Штука",{"$nulls":7},{"v":30,"d":"30.00р."},{"$nulls":11},{"v":400,"d":"400.0000"},{"$nulls":10},{"v":12000,"d":"12,000.000"}]
[369,{"$nulls":5},"салфетки бумажные",{"$nulls":30},"Штука",{"$nulls":7},{"v":20.91,"d":"20.91р."},{"$nulls":11},{"v":144,"d":"144.0000"},{"$nulls":10},{"v":3011.68,"d":"3,011.680"}]
[370,{"$nulls":5},"салфетки вискозные 3шт/уп",{"$nulls":30},"Штука",{"$nulls":7},{"v":23,"d":"23.00р."},{"$nulls":11},{"v":20,"d":"20.0000"},{"$nulls":10},{"v":460,"d":"460.000"}]
[371,{"$nulls":5},"салфетница",{"$nulls":30},"Штука",{"$nulls":7},{"v":88.6,"d":"88.60р."},{"$nulls":11},{"v":50,"d":"50.0000"},{"$nulls":10},{"v":4430,"d":"4,430.000"}]
[372,{"$nulls":5},"Секатор 190мм никель",{"$nulls":30},"Штука",{"$nulls":7},{"v":172.5,"d":"172.50р."},{"$nulls":11},{"v":15,"d":"15.0000"},{"$nulls":10},{"v":2587.5,"d":"2,587.500"}]
[373,{"$nulls":5},"Скакалка 1,5м",{"$nulls":30},"Штука",{"$nulls":7},{"v":70,"d":"70.00р."},{"$nulls":11},{"v":40,"d":"40.0000"},{"$nulls":10},{"v":2800,"d":"2,800.000"}]
[374,{"$nulls":5},"Скакалка 3,0м",{"$nulls":30},"Штука",{"$nulls":7},{"v":90,"d":"90.00р."},{"$nulls":11},{"v":22,"d":"22.0000"},{"$nulls":10},{"v":1980,"d":"1,980.000"}]
[375,{"$nulls":5},"Скакалка 4м",{"$nulls":30},"Штука",{"$nulls":7},{"v":150,"d":"150.00р."},{"$nulls":11},{"v":10,"d":"10.0000"},{"$nulls":10},{"v":1500,"d":"1,500.000"}]
[376,{"$nulls":5},"Скалка вращающаяся 48см (25см-без ручек ),нерж.сталь",{"$nulls":30},"Штука",{"$nulls":7},{"v":275.71,"d":"275.71р."},{"$nulls":11},{"v":20,"d":"20.0000"},{"$nulls":10},{"v":5514.2,"d":"5,514.200"}]
[377,{"$nulls":5},"Скалка деревянная 50см",{"$nulls":30},"Штука",{"$nulls":7},{"v":1591.07,"d":"1,591.07р."},{"$nulls":11},{"v":4,"d":"4.0000"},{"$nulls":10},{"v":6364.28,"d":"6,364.280"}]
[378,{"$nulls":5},"Сковородка d 28см h5см",{"$nulls":30},"Штука",{"$nulls":7},{"v":1298.98,"d":"1,298.98р."},{"$nulls":11},{"v":12,"d":"12.0000"},{"$nulls":10},{"v":15587.76,"d":"15,587.760"}]
[379,{"$nulls":5},"Служебные машинки",{"$nulls":30},"Штука",{"$nulls":7},{"v":250,"d":"250.00р."},{"$nulls":11},{"v":88,"d":"88.0000"},{"$nulls":10},{"v":22000,"d":"22,000.000"}]
[380,{"$nulls":5},"Совок КЛИО",{"$nulls":30},"Штука",{"$nulls":7},{"v":40.5,"d":"40.50р."},{"$nulls":11},{"v":30,"d":"30.0000"},{"$nulls":10},{"v":1215,"d":"1,215.000"}]
[381,{"$nulls":5},"сода кальцинированная",{"$nulls":30},"Штука",{"$nulls":7},{"v":56.92,"d":"56.92р."},{"$nulls":11},{"v":120,"d":"120.0000"},{"$nulls":10},{"v":6830,"d":"6,830.000"}]
[382,{"$nulls":5},"Спирометр сухой портативный ССП (НДС 18%)",{"$nulls":30},"Штука",{"$nulls":7},{"v":2500,"d":"2,500.00р."},{"$nulls":11},{"v":1,"d":"1.0000"},{"$nulls":10},{"v":2500,"d":"2,500.000"}]
[383,{"$nulls":5},"Средство дезинфиц.(кожный антисеп) Дельсепт-ОП 100мл",{"$nulls":30},"Штука",{"$nulls":7},{"v":382,"d":"382.00р."},{"$nulls":11},{"v":4,"d":"4.0000"},{"$nulls":10},{"v":1528,"d":"1,528.000"}]
[384,{"$nulls":5},"Стеллаж 2000*1000*600 4 полки",{"$nulls":30},"Штука",{"$nulls":7},{"v":2950,"d":"2,950.00р."},{"$nulls":11},{"v":2,"d":"2.0000"},{"$nulls":10},{"v":5900,"d":"5,900.000"}]
[385,{"$nulls":5},"Стеллар логический",{"$nulls":30},"Штука",{"$nulls":7},{"v":121.42,"d":"121.42р."},{"$nulls":11},{"v":10,"d":"10.0000"},{"$nulls":10},{"v":1214.2,"d":"1,214.200"}]
[386,{"$nulls":5},"Стенд \"Меню\"  габарит.разм. 400*550мм-пласт.3мм закатан.пленкой  с полноцвет.печатью 720 dpi с кармашками",{"$nulls":30},"Штука",{"$nulls":7},{"v":2418.55,"d":"2,418.55р."},{"$nulls":11},{"v":2,"d":"2.0000"},{"$nulls":10},{"v":4837.1,"d":"4,837.100"}]
[387,{"$nulls":5},"Стенд \"Уголок дежурства\"  габарит.разм. 800*500мм-пласт.3мм закатан.пленкой  с полноцвет.печатью 720 dpi с кармашками",{"$nulls":30},"Штука",{"$nulls":7},{"v":1838.41,"d":"1,838.41р."},{"$nulls":11},{"v":11,"d":"11.0000"},{"$nulls":10},{"v":20222.51,"d":"20,222.510"}]
[388,{"$nulls":5},"Стетоскоп 2-х сторонний педиатрический АS-32",{"$nulls":30},"Штука",{"$nulls":7},{"v":192,"d":"192.00р."},{"$nulls":11},{"v":2,"d":"2.0000"},{"$nulls":10},{"v":384,"d":"384.000"}]
[389,{"$nulls":5},"Стетоскоп 2-х сторонний терапевтический АS-21",{"$nulls":30},"Штука",{"$nulls":7},{"v":192,"d":"192.00р."},{"$nulls":11},{"v":1,"d":"1.0000"},{"$nulls":10},{"v":192,"d":"192.000"}]
[390,{"$nulls":5},"стиральный порошок \"Миф\" (2кг)",{"$nulls":30},"Штука",{"$nulls":7},{"v":357.15,"d":"357.15р."},{"$nulls":11},{"v":35,"d":"35.0000"},{"$nulls":10},{"v":12500.25,"d":"12,500.250"}]
[391,{"$nulls":5},"Стойки для прыжков дет.со шну h=1.3м фанера",{"$nulls":30},"Штука",{"$nulls":7},{"v":2520,"d":"2,520.00р."},{"$nulls":11},{"v":2,"d":"2.0000"},{"$nulls":10},{"v":5040,"d":"5,040.000"}]
[392,{"$nulls":5},"Стол детский 2-х местный регулируемый 1200*450*400/580",{"$nulls":30},"Штука",{"$nulls":7},{"v":1630,"d":"1,630.00р."},{"$nulls":11},{"v":80,"d":"80.0000"},{"$nulls":10},{"v":130400,"d":"130,400.000"}]
[393,{"$nulls":5},"Стол детский 4-х местный регулируемый 700*700*400/580",{"$nulls":30},"Штука",{"$nulls":7},{"v":1590,"d":"1,590.00р."},{"$nulls":11},{"v":15,"d":"15.0000"},{"$nulls":10},{"v":23850,"d":"23,850.000"}]
[394,{"$nulls":5},"Стол для проектора",{"$nulls":30},"Штука",{"$nulls":7},{"v":2033,"d":"2,033.00р."},{"$nulls":11},{"v":4,"d":"4.0000"},{"$nulls":10},{"v":8132,"d":"8,132.000"}]
[395,{"$nulls":5},"стол регулируемый детский на металлических ножках",{"$nulls":30},"Штука",{"$nulls":7},{"v":1940,"d":"1,940.00р."},{"$nulls":11},{"v":5,"d":"5.0000"},{"$nulls":10},{"v":9700,"d":"9,700.000"}]
[396,{"$nulls":5},"Стремянка 6 ступеней сел 1,5м",{"$nulls":30},"Штука",{"$nulls":7},{"v":1300,"d":"1,300.00р."},{"$nulls":11},{"v":2,"d":"2.0000"},{"$nulls":10},{"v":2600,"d":"2,600.000"}]
[397,{"$nulls":5},"Стул детский 290*320*260/300/340",{"$nulls":30},"Штука",{"$nulls":7},{"v":1100,"d":"1,100.00р."},{"$nulls":11},{"v":88,"d":"88.0000"},{"$nulls":10},{"v":96800,"d":"96,800.000"}]
[398,{"$nulls":5},"стул детский \"Дошколенок\" регулируемый (без рисунка) гр. с 1по3,м/к",{"$nulls":30},"Штука",{"$nulls":7},{"v":600,"d":"600.00р."},{"$nulls":11},{"v":20,"d":"20.0000"},{"$nulls":10},{"v":12000,"d":"12,000.000"}]
[399,{"$nulls":5},"Стул детский регул. 290*340*260/300/340",{"$nulls":30},"Штука",{"$nulls":7},{"v":650,"d":"650.00р."},{"$nulls":11},{"v":220,"d":"220.0000"},{"$nulls":10},{"v":143000,"d":"143,000.000"}]
[400,{"$nulls":5},"стул детский регулируемый",{"$nulls":30},"Штука",{"$nulls":7},{"v":790,"d":"790.00р."},{"$nulls":11},{"v":10,"d":"10.0000"},{"$nulls":10},{"v":7900,"d":"7,900.000"}]
[401,{"$nulls":5},"Стул медицинский 460*400*850 \"Стандарт\"",{"$nulls":30},"Штука",{"$nulls":7},{"v":600,"d":"600.00р."},{"$nulls":11},{"v":3,"d":"3.0000"},{"$nulls":10},{"v":1800,"d":"1,800.000"}]
[402,{"$nulls":5},"Стул полумягкий 460*400*850",{"$nulls":30},"Штука",{"$nulls":7},{"v":570,"d":"570.00р."},{"$nulls":11},{"v":19,"d":"19.0000"},{"$nulls":10},{"v":10830,"d":"10,830.000"}]
[403,{"$nulls":5},"Табличка габарит.разм. 300*300мм пластик 3мм закатан.винилов.пленкой ORACAL 641",{"$nulls":30},"Штука",{"$nulls":7},{"v":551.71,"d":"551.71р."},{"$nulls":11},{"v":28,"d":"28.0000"},{"$nulls":10},{"v":15447.88,"d":"15,447.880"}]
[404,{"$nulls":5},"Табличка габарит.размер.150*150мм-пластик 3мм закатан. винил.пленк.ORACAL641",{"$nulls":30},"Штука",{"$nulls":7},{"v":408.49,"d":"408.49р."},{"$nulls":11},{"v":36,"d":"36.0000"},{"$nulls":10},{"v":14705.64,"d":"14,705.640"}]
[405,{"$nulls":5},"Табличка габарит.размер.150*300мм-пластик 3мм закатан. винил.пленк.ORACAL641",{"$nulls":30},"Штука",{"$nulls":7},{"v":661.88,"d":"661.88р."},{"$nulls":11},{"v":5,"d":"5.0000"},{"$nulls":10},{"v":3309.4,"d":"3,309.400"}]
[406,{"$nulls":5},"Табличка габарит.размер.200*100мм-пластик 3мм закатан. винил.пленк.ORACAL641",{"$nulls":30},"Штука",{"$nulls":7},{"v":636.76,"d":"636.76р."},{"$nulls":11},{"v":4,"d":"4.0000"},{"$nulls":10},{"v":2547.04,"d":"2,547.040"}]
[407,{"$nulls":5},"Табличка габарит.размер.210*80мм-пластик 3мм закатан. винил.пленк.ORACAL641",{"$nulls":30},"Штука",{"$nulls":7},{"v":525.81,"d":"525.81р."},{"$nulls":11},{"v":16,"d":"16.0000"},{"$nulls":10},{"v":8412.96,"d":"8,412.960"}]
[408,{"$nulls":5},"Табличка габарит.размер.400*600мм-пластик 3мм закатан. винил.пленк.ORACAL641",{"$nulls":30},"Штука",{"$nulls":7},{"v":2474.45,"d":"2,474.45р."},{"$nulls":11},{"v":2,"d":"2.0000"},{"$nulls":10},{"v":4948.9,"d":"4,948.900"}]
[409,{"$nulls":5},"Таз 16л П/э",{"$nulls":30},"Штука",{"$nulls":7},{"v":260,"d":"260.00р."},{"$nulls":11},{"v":22,"d":"22.0000"},{"$nulls":10},{"v":5720,"d":"5,720.000"}]
[410,{"$nulls":5},"Таз 30л П/э",{"$nulls":30},"Штука",{"$nulls":7},{"v":290,"d":"290.00р."},{"$nulls":11},{"v":22,"d":"22.0000"},{"$nulls":10},{"v":6380,"d":"6,380.000"}]
[411,{"$nulls":5},"Таз 6л П/э",{"$nulls":30},"Штука",{"$nulls":7},{"v":207,"d":"207.00р."},{"$nulls":11},{"v":22,"d":"22.0000"},{"$nulls":10},{"v":4554,"d":"4,554.000"}]
[412,{"$nulls":5},"Тактильно-развивающая игрушка \"Палитра\"",{"$nulls":30},"Штука",{"$nulls":7},{"v":230,"d":"230.00р."},{"$nulls":11},{"v":20,"d":"20.0000"},{"$nulls":10},{"v":4600,"d":"4,600.000"}]
[413,{"$nulls":5},"Тактильно-развивающая панель \"Кисточки\"",{"$nulls":30},"Штука",{"$nulls":7},{"v":500,"d":"500.00р."},{"$nulls":11},{"v":20,"d":"20.0000"},{"$nulls":10},{"v":10000,"d":"10,000.000"}]
[414,{"$nulls":5},"Тактильно-развивающая панель \"Текстуры\"",{"$nulls":30},"Штука",{"$nulls":7},{"v":900,"d":"900.00р."},{"$nulls":11},{"v":20,"d":"20.0000"},{"$nulls":10},{"v":18000,"d":"18,000.000"}]
[415,{"$nulls":5},"тарелка глубокая 200мл",{"$nulls":30},"Штука",{"$nulls":7},{"v":76.8,"d":"76.80р."},{"$nulls":11},{"v":270,"d":"270.0000"},{"$nulls":10},{"v":20736,"d":"20,736.000"}]
[416,{"$nulls":5},"Тарелка глубокая 23см, A la Carte (4406)",{"$nulls":30},"Штука",{"$nulls":7},{"v":168.98,"d":"168.98р."},{"$nulls":11},{"v":654,"d":"654.0000"},{"$nulls":10},{"v":110512.92,"d":"110,512.920"}]
[417,{"$nulls":5},"Тарелка десертная 15см А la Carte (4005)",{"$nulls":30},"Штука",{"$nulls":7},{"v":98.3,"d":"98.30р."},{"$nulls":11},{"v":654,"d":"654.0000"},{"$nulls":10},{"v":64288.2,"d":"64,288.200"}]
[418,{"$nulls":5},"тарелка мелкая 200мл",{"$nulls":30},"Штука",{"$nulls":7},{"v":74.9,"d":"74.90р."},{"$nulls":11},{"v":270,"d":"270.0000"},{"$nulls":10},{"v":20223,"d":"20,223.000"}]
[419,{"$nulls":5},"Тарелка пирожковая 15см А la Carte (4005)",{"$nulls":30},"Штука",{"$nulls":7},{"v":1400.09,"d":"1,400.09р."},{"$nulls":11},{"v":4,"d":"4.0000"},{"$nulls":10},{"v":5600.36,"d":"5,600.360"}]
[420,{"$nulls":5},"тележка-ведро уборочная (20л)",{"$nulls":30},"Штука",{"$nulls":7},{"v":2945.8,"d":"2,945.80р."},{"$nulls":11},{"v":1,"d":"1.0000"},{"$nulls":10},{"v":2945.8,"d":"2,945.800"}]
[421,{"$nulls":5},"Телефон-игрушка",{"$nulls":30},"Штука",{"$nulls":7},{"v":100,"d":"100.00р."},{"$nulls":11},{"v":22,"d":"22.0000"},{"$nulls":10},{"v":2200,"d":"2,200.000"}]
[422,{"$nulls":5},"Теремок конструктор стенка 27 элементов",{"$nulls":30},"Штука",{"$nulls":7},{"v":279.3,"d":"279.30р."},{"$nulls":11},{"v":22,"d":"22.0000"},{"$nulls":10},{"v":6144.6,"d":"6,144.600"}]
[423,{"$nulls":5},"Теремок конструктор стенка 43 элементов",{"$nulls":30},"Штука",{"$nulls":7},{"v":445.2,"d":"445.20р."},{"$nulls":11},{"v":22,"d":"22.0000"},{"$nulls":10},{"v":9794.4,"d":"9,794.400"}]
[424,{"$nulls":5},"Термометр водный \"Лодочка\" (0+50С)",{"$nulls":30},"Штука",{"$nulls":7},{"v":55,"d":"55.00р."},{"$nulls":11},{"v":13,"d":"13.0000"},{"$nulls":10},{"v":715,"d":"715.000"}]
[425,{"$nulls":5},"Термометр комнатный",{"$nulls":30},"Штука",{"$nulls":7},{"v":60,"d":"60.00р."},{"$nulls":11},{"v":40,"d":"40.0000"},{"$nulls":10},{"v":2400,"d":"2,400.000"}]
[426,{"$nulls":5},"Термометр наружный",{"$nulls":30},"Штука",{"$nulls":7},{"v":40,"d":"40.00р."},{"$nulls":11},{"v":12,"d":"12.0000"},{"$nulls":10},{"v":480,"d":"480.000"}]
[427,{"$nulls":5},"Термометр ТМР L ртутный",{"$nulls":30},"Штука",{"$nulls":7},{"v":27,"d":"27.00р."},{"$nulls":11},{"v":265,"d":"265.0000"},{"$nulls":10},{"v":7155,"d":"7,155.000"}]
[428,{"$nulls":5},"Тоннель 60*30*40",{"$nulls":30},"Штука",{"$nulls":7},{"v":3000,"d":"3,000.00р."},{"$nulls":11},{"v":4,"d":"4.0000"},{"$nulls":10},{"v":12000,"d":"12,000.000"}]
[429,{"$nulls":5},"Тонометр LD80",{"$nulls":30},"Штука",{"$nulls":7},{"v":980,"d":"980.00р."},{"$nulls":11},{"v":2,"d":"2.0000"},{"$nulls":10},{"v":1960,"d":"1,960.000"}]
[430,{"$nulls":5},"Транспортные игрушки",{"$nulls":30},"Штука",{"$nulls":7},{"v":120,"d":"120.00р."},{"$nulls":11},{"v":30,"d":"30.0000"},{"$nulls":10},{"v":3600,"d":"3,600.000"}]
[431,{"$nulls":5},"Треугольник большой 20см ТБ 20",{"$nulls":30},"Штука",{"$nulls":7},{"v":280,"d":"280.00р."},{"$nulls":11},{"v":4,"d":"4.0000"},{"$nulls":10},{"v":1120,"d":"1,120.000"}]
[432,{"$nulls":5},"Треугольник маленький  10см ТМ 10",{"$nulls":30},"Штука",{"$nulls":7},{"v":170,"d":"170.00р."},{"$nulls":11},{"v":4,"d":"4.0000"},{"$nulls":10},{"v":680,"d":"680.000"}]
[433,{"$nulls":5},"Треугольник средний 15см ТС 15",{"$nulls":30},"Штука",{"$nulls":7},{"v":230,"d":"230.00р."},{"$nulls":11},{"v":4,"d":"4.0000"},{"$nulls":10},{"v":920,"d":"920.000"}]
[434,{"$nulls":5},"Трещотка ТЩ 8",{"$nulls":30},"Штука",{"$nulls":7},{"v":110,"d":"110.00р."},{"$nulls":11},{"v":4,"d":"4.0000"},{"$nulls":10},{"v":440,"d":"440.000"}]
[435,{"$nulls":5},"туалетная бумага",{"$nulls":30},"Штука",{"$nulls":7},{"v":11,"d":"11.00р."},{"$nulls":11},{"v":400,"d":"400.0000"},{"$nulls":10},{"v":4400,"d":"4,400.000"}]
[436,{"$nulls":5},"Тумба для документов 801*363*811",{"$nulls":30},"Штука",{"$nulls":7},{"v":1750,"d":"1,750.00р."},{"$nulls":11},{"v":1,"d":"1.0000"},{"$nulls":10},{"v":1750,"d":"1,750.000"}]
[437,{"$nulls":5},"Умный малыш Гексагон",{"$nulls":30},"Штука",{"$nulls":7},{"v":82.21,"d":"82.21р."},{"$nulls":11},{"v":10,"d":"10.0000"},{"$nulls":10},{"v":822.1,"d":"822.100"}]
[438,{"$nulls":5},"Умный малыш Колобок",{"$nulls":30},"Штука",{"$nulls":7},{"v":170.13,"d":"170.13р."},{"$nulls":11},{"v":10,"d":"10.0000"},{"$nulls":10},{"v":1701.3,"d":"1,701.300"}]
[439,{"$nulls":5},"Урны уличные",{"$nulls":30},"Штука",{"$nulls":7},{"v":806,"d":"806.00р."},{"$nulls":11},{"v":6,"d":"6.0000"},{"$nulls":10},{"v":4836,"d":"4,836.000"}]
[440,{"$nulls":5},"Устройство дозирующее насосное \"Петроспирт\" ЯЯЛ 060666",{"$nulls":30},"Штука",{"$nulls":7},{"v":2400,"d":"2,400.00р."},{"$nulls":11},{"v":15,"d":"15.0000"},{"$nulls":10},{"v":36000,"d":"36,000.000"}]
[441,{"$nulls":5},"Утюг бытовой VITEK VT 1208",{"$nulls":30},"Штука",{"$nulls":7},{"v":1940,"d":"1,940.00р."},{"$nulls":11},{"v":2,"d":"2.0000"},{"$nulls":10},{"v":3880,"d":"3,880.000"}]
[442,{"$nulls":5},"УФА Игрушка - весы",{"$nulls":30},"Штука",{"$nulls":7},{"v":111.12,"d":"111.12р."},{"$nulls":11},{"v":11,"d":"11.0000"},{"$nulls":10},{"v":1222.32,"d":"1,222.320"}]
[443,{"$nulls":5},"Уфа Пирамида 592 Большая",{"$nulls":30},"Штука",{"$nulls":7},{"v":111.12,"d":"111.12р."},{"$nulls":11},{"v":11,"d":"11.0000"},{"$nulls":10},{"v":1222.32,"d":"1,222.320"}]
[444,{"$nulls":5},"Фартук детский",{"$nulls":30},"Штука",{"$nulls":7},{"v":100,"d":"100.00р."},{"$nulls":11},{"v":220,"d":"220.0000"},{"$nulls":10},{"v":22000,"d":"22,000.000"}]
[445,{"$nulls":5},"фартук нейлоновый",{"$nulls":30},"Штука",{"$nulls":7},{"v":273,"d":"273.00р."},{"$nulls":11},{"v":20,"d":"20.0000"},{"$nulls":10},{"v":5460,"d":"5,460.000"}]
[446,{"$nulls":5},"Флейта Дерево",{"$nulls":30},"Штука",{"$nulls":7},{"v":265.62,"d":"265.62р."},{"$nulls":11},{"v":20,"d":"20.0000"},{"$nulls":10},{"v":5312.5,"d":"5,312.500"}]
[447,{"$nulls":5},"халат \"Алиса\"",{"$nulls":30},"Штука",{"$nulls":7},{"v":582.75,"d":"582.75р."},{"$nulls":11},{"v":2,"d":"2.0000"},{"$nulls":10},{"v":1165.5,"d":"1,165.500"}]
[448,{"$nulls":5},"халат \"Аэлита\"",{"$nulls":30},"Штука",{"$nulls":7},{"v":740.25,"d":"740.25р."},{"$nulls":11},{"v":4,"d":"4.0000"},{"$nulls":10},{"v":2961,"d":"2,961.000"}]
[449,{"$nulls":5},"халат \"Каприз\"",{"$nulls":30},"Штука",{"$nulls":7},{"v":892.5,"d":"892.50р."},{"$nulls":11},{"v":20,"d":"20.0000"},{"$nulls":10},{"v":17850,"d":"17,850.000"}]
[450,{"$nulls":5},"халат \"Лиза\"",{"$nulls":30},"Штука",{"$nulls":7},{"v":640.5,"d":"640.50р."},{"$nulls":11},{"v":4,"d":"4.0000"},{"$nulls":10},{"v":2562,"d":"2,562.000"}]
[451,{"$nulls":5},"Халат рабочий ткань саржа",{"$nulls":30},"Штука",{"$nulls":7},{"v":350,"d":"350.00р."},{"$nulls":11},{"v":20,"d":"20.0000"},{"$nulls":10},{"v":7000,"d":"7,000.000"}]
[452,{"$nulls":5},"Чайник электрический VITEK V1169",{"$nulls":30},"Штука",{"$nulls":7},{"v":1320,"d":"1,320.00р."},{"$nulls":11},{"v":1,"d":"1.0000"},{"$nulls":10},{"v":1320,"d":"1,320.000"}]
[453,{"$nulls":5},"Часы настенные",{"$nulls":30},"Штука",{"$nulls":7},{"v":345,"d":"345.00р."},{"$nulls":11},{"v":20,"d":"20.0000"},{"$nulls":10},{"v":6900,"d":"6,900.000"}]
[454,{"$nulls":5},"Часы настенные КК",{"$nulls":30},"Штука",{"$nulls":7},{"v":345,"d":"345.00р."},{"$nulls":11},{"v":8,"d":"8.0000"},{"$nulls":10},{"v":2760,"d":"2,760.000"}]
[455,{"$nulls":5},"черенок (для щетки для окон)",{"$nulls":30},"Штука",{"$nulls":7},{"v":49.45,"d":"49.45р."},{"$nulls":11},{"v":25,"d":"25.0000"},{"$nulls":10},{"v":1236.25,"d":"1,236.250"}]
[456,{"$nulls":5},"чистящее средство \"Domprof\"",{"$nulls":30},"Штука",{"$nulls":7},{"v":85.2,"d":"85.20р."},{"$nulls":11},{"v":112,"d":"112.0000"},{"$nulls":10},{"v":9542.4,"d":"9,542.400"}]
[457,{"$nulls":5},"Шапочки-маски",{"$nulls":30},"Штука",{"$nulls":7},{"v":500,"d":"500.00р."},{"$nulls":11},{"v":55,"d":"55.0000"},{"$nulls":10},{"v":27500,"d":"27,500.000"}]
[458,{"$nulls":5},"швабра",{"$nulls":30},"Штука",{"$nulls":7},{"v":233.84,"d":"233.84р."},{"$nulls":11},{"v":70,"d":"70.0000"},{"$nulls":10},{"v":16369,"d":"16,369.000"}]
[459,{"$nulls":5},"швабра для мытья пола (деревянная)",{"$nulls":30},"Штука",{"$nulls":7},{"v":72,"d":"72.00р."},{"$nulls":11},{"v":30,"d":"30.0000"},{"$nulls":10},{"v":2160,"d":"2,160.000"}]
[460,{"$nulls":5},"Шина краммера для верхних конечностей",{"$nulls":30},"Штука",{"$nulls":7},{"v":120,"d":"120.00р."},{"$nulls":11},{"v":8,"d":"8.0000"},{"$nulls":10},{"v":960,"d":"960.000"}]
[461,{"$nulls":5},"Ширма игровая настольная",{"$nulls":30},"Штука",{"$nulls":7},{"v":1800,"d":"1,800.00р."},{"$nulls":11},{"v":11,"d":"11.0000"},{"$nulls":10},{"v":19800,"d":"19,800.000"}]
[462,{"$nulls":5},"шкаф 1-но секционный детский",{"$nulls":30},"Штука",{"$nulls":7},{"v":2100,"d":"2,100.00р."},{"$nulls":11},{"v":8,"d":"8.0000"},{"$nulls":10},{"v":16800,"d":"16,800.000"}]
[463,{"$nulls":5},"Шкаф-стеллаж для игрушек и пособий 800*425*1247",{"$nulls":30},"Штука",{"$nulls":7},{"v":2800,"d":"2,800.00р."},{"$nulls":11},{"v":48,"d":"48.0000"},{"$nulls":10},{"v":134400,"d":"134,400.000"}]
[464,{"$nulls":5},"Шланг поливочный ПВХ д20 90см",{"$nulls":30},"Штука",{"$nulls":7},{"v":20,"d":"20.00р."},{"$nulls":11},{"v":200,"d":"200.0000"},{"$nulls":10},{"v":4000,"d":"4,000.000"}]
[465,{"$nulls":5},"Шпатель двухсторонний прямой для языка 200*12мм",{"$nulls":30},"Штука",{"$nulls":7},{"v":42,"d":"42.00р."},{"$nulls":11},{"v":40,"d":"40.0000"},{"$nulls":10},{"v":1680,"d":"1,680.000"}]
[466,{"$nulls":5},"Шпатель деревянный стерильный Apexmed",{"$nulls":30},"Штука",{"$nulls":7},{"v":1.72,"d":"1.72р."},{"$nulls":11},{"v":300,"d":"300.0000"},{"$nulls":10},{"v":516,"d":"516.000"}]
[467,{"$nulls":5},"Шпатель для языка пров. по Корицкому №2 ,180мм",{"$nulls":30},"Штука",{"$nulls":7},{"v":72.5,"d":"72.50р."},{"$nulls":11},{"v":8,"d":"8.0000"},{"$nulls":10},{"v":580,"d":"580.000"}]
[468,{"$nulls":5},"Шприц инсулин/туберкулиновый, трехсоставной 1мл \"Apexmed\"",{"$nulls":30},"Штука",{"$nulls":7},{"v":2.35,"d":"2.35р."},{"$nulls":11},{"v":300,"d":"300.0000"},{"$nulls":10},{"v":705,"d":"705.000"}]
[469,{"$nulls":5},"Шприц инъекционный одн.прим.3-компл vm 2мл. с иглой 23G100/3000 Германия",{"$nulls":30},"Штука",{"$nulls":7},{"v":2.08,"d":"2.08р."},{"$nulls":11},{"v":300,"d":"300.0000"},{"$nulls":10},{"v":624,"d":"624.000"}]
[470,{"$nulls":5},"Шприц инъекционный одн.прим.3-компл vm 5мл. с иглой 22G (0,7*40мм)Германия",{"$nulls":30},"Штука",{"$nulls":7},{"v":2.5,"d":"2.50р."},{"$nulls":11},{"v":100,"d":"100.0000"},{"$nulls":10},{"v":250,"d":"250.000"}]
[471,{"$nulls":5},"Шумовка d 18см нерж.сталь",{"$nulls":30},"Штука",{"$nulls":7},{"v":465.29,"d":"465.29р."},{"$nulls":11},{"v":8,"d":"8.0000"},{"$nulls":10},{"v":3722.32,"d":"3,722.320"}]
[472,{"$nulls":5},"щетка для посуды с ручкой",{"$nulls":30},"Штука",{"$nulls":7},{"v":76.65,"d":"76.65р."},{"$nulls":11},{"v":20,"d":"20.0000"},{"$nulls":10},{"v":1533,"d":"1,533.000"}]
[473,{"$nulls":5},"Щит для метания в цель 70*70 (навесной)",{"$nulls":30},"Штука",{"$nulls":7},{"v":2100,"d":"2,100.00р."},{"$nulls":11},{"v":8,"d":"8.0000"},{"$nulls":10},{"v":16800,"d":"16,800.000"}]
[474,{"$nulls":5},"Экран Lumien Eco View 180x180 см Matte White",{"$nulls":30},"Штука",{"$nulls":7},{"v":924.5,"d":"924.50р."},{"$nulls":11},{"v":4,"d":"4.0000"},{"$nulls":10},{"v":3697.99,"d":"3,697.990"}]
[475,{"$nulls":5},"Электросушитель для рук М-1650, 1,65кВТ",{"$nulls":30},"Штука",{"$nulls":7},{"v":2480,"d":"2,480.00р."},{"$nulls":11},{"v":3,"d":"3.0000"},{"$nulls":10},{"v":7440,"d":"7,440.000"}]